{"text_format":"1","workbook":"xlsx","n_sheets":2,"sheets":["Данные","Лист1"],"not_rendered":{"charts":0,"images":0,"macros":1,"external_links":0,"defined_names":4,"comments":0,"pivot_tables":0},"unopened":[],"bounds":{"document_bytes":16777216,"sheet_cells":100000,"rows_first":2000,"rows_last":500,"rows_between":2000,"halvings":0,"cell_chars":16384,"cell_head_chars":4096},"cells_cut":0,"cells_raw":0,"read":"whole","date_system":"1900"}

{"sheet":"Данные","index":0,"n_rows":579,"n_cols":10,"rows_kept":579,"cut":false,"hidden":false,"merged":[[1,0,1,9]]}
[null,null,null,null,null,null,null,null,"Приложение №1"]
["Перечень актуальных и готовых к реализации невостребованных МТР"]
[]
["Наименование лота","Наименование ОГ","№ лота","№ позиции","Наименование неликвидных (НЛ) и невостребованных ликвидных (НВЛ) материалов","Ед. изм","Количество","Мин. цена реализации за ед., руб., без НДС ","Сумма, руб. без НДС","Место нахождения"]
["Бумага","ПАО АНК \"Башнефть\" \"Башнефть-Новойл\"",1,1,"Бумага MEGA Enginer А0 рулон P/n 87404","ШТ",7,1058.0999999999999,{"$f":"H5*G5","v":7406.6999999999989},"450063, г. Уфа, ПАО АНК \"Башнефть\" \"Башнефть-Новойл\""]
["Бумага","ПАО АНК \"Башнефть\" \"Башнефть-Новойл\"",1,2,"Бумага MEGA Enginer А0 рулон P/n 87404","ШТ",7,1058.0999999999999,{"$f":"H6*G6","v":7406.6999999999989},"450063, г. Уфа, ПАО АНК \"Башнефть\" \"Башнефть-Новойл\""]
["Бумага","ПАО АНК \"Башнефть\" \"Башнефть-Новойл\"",1,3,"Бумага Nopa Coat Gloss 62х94 100 250г/м2","ШТ",59,372.3,{"$f":"H7*G7","v":21965.7},"450063, г. Уфа, ПАО АНК \"Башнефть\" \"Башнефть-Новойл\""]
["Бумага","ПАО АНК \"Башнефть\" \"Башнефть-Новойл\"",1,4,"Бумага Xerox A0+ 914ммх50м рул 450L90503","ШТ",7,884.9,{"$f":"H8*G8","v":6194.3},"450063, г. Уфа, ПАО АНК \"Башнефть\" \"Башнефть-Новойл\""]
["Бумага","ПАО АНК \"Башнефть\" \"Башнефть-Новойл\"",1,5,"Бумага Xerox A0+ 914ммх50м рул 450L90503","ШТ",7,884.9,{"$f":"H9*G9","v":6194.3},"450063, г. Уфа, ПАО АНК \"Башнефть\" \"Башнефть-Новойл\""]
["Бумага","ПАО АНК \"Башнефть\" \"Башнефть-Новойл\"",1,6,"Бумага Xerox A0+ 914ммх50м рул 450L90503","ШТ",7,884.9,{"$f":"H10*G10","v":6194.3},"450063, г. Уфа, ПАО АНК \"Башнефть\" \"Башнефть-Новойл\""]
["Бумага","ПАО АНК \"Башнефть\" \"Башнефть-Новойл\"",1,7,"Бумага Xerox A0+ 914ммх50м рул 450L90503","ШТ",4,884.9,{"$f":"H11*G11","v":3539.6},"450063, г. Уфа, ПАО АНК \"Башнефть\" \"Башнефть-Новойл\""]
["Бумага","ПАО АНК \"Башнефть\" \"Башнефть-Новойл\"",1,8,"Бумага д/плоттера BRAUBERG A1 рул 110455","ШТ",7,341,{"$f":"H12*G12","v":2387},"450063, г. Уфа, ПАО АНК \"Башнефть\" \"Башнефть-Новойл\""]
["Бумага","ПАО АНК \"Башнефть\" \"Башнефть-Новойл\"",1,9,"Бумага д/плоттера BRAUBERG A1 рул 110455","ШТ",7,341,{"$f":"H13*G13","v":2387},"450063, г. Уфа, ПАО АНК \"Башнефть\" \"Башнефть-Новойл\""]
["Бумага","ПАО АНК \"Башнефть\" \"Башнефть-Новойл\"",1,10,"Бумага д/плоттера BRAUBERG A1 рул 110455","ШТ",7,341,{"$f":"H14*G14","v":2387},"450063, г. Уфа, ПАО АНК \"Башнефть\" \"Башнефть-Новойл\""]
["Бумага","ПАО АНК \"Башнефть\" \"Башнефть-Новойл\"",1,11,"Бумага д/плоттера MEGA Engineer 132533","ШТ",18,412.9,{"$f":"H15*G15","v":7432.2},"450063, г. Уфа, ПАО АНК \"Башнефть\" \"Башнефть-Новойл\""]
["Бумага","ПАО АНК \"Башнефть\" \"Башнефть-Новойл\"",1,12,"Бумага д/плоттера MEGA Engineer 132533","ШТ",2,412.9,{"$f":"H16*G16","v":825.8},"450063, г. Уфа, ПАО АНК \"Башнефть\" \"Башнефть-Новойл\""]
["Бумага","ПАО АНК \"Башнефть\" \"Башнефть-Новойл\"",1,13,"Бумага д/плоттера MEGA Engineer 132533","ШТ",2,412.9,{"$f":"H17*G17","v":825.8},"450063, г. Уфа, ПАО АНК \"Башнефть\" \"Башнефть-Новойл\""]
["Бумага","ПАО АНК \"Башнефть\" \"Башнефть-Новойл\"",1,14,"Бумага д/плоттера MEGA Engineer 654100","ШТ",7,273.39999999999998,{"$f":"H18*G18","v":1913.7999999999997},"450063, г. Уфа, ПАО АНК \"Башнефть\" \"Башнефть-Новойл\""]
["Бумага","ПАО АНК \"Башнефть\" \"Башнефть-Новойл\"",1,15,"Бумага д/плоттера MEGA Engineer 654100","ШТ",7,273.39999999999998,{"$f":"H19*G19","v":1913.7999999999997},"450063, г. Уфа, ПАО АНК \"Башнефть\" \"Башнефть-Новойл\""]
["Бумага","ПАО АНК \"Башнефть\" \"Башнефть-Новойл\"",1,16,"Бумага д/плоттера MEGA Engineer 654100","ШТ",7,273.39999999999998,{"$f":"H20*G20","v":1913.7999999999997},"450063, г. Уфа, ПАО АНК \"Башнефть\" \"Башнефть-Новойл\""]
["Бумага","ПАО АНК \"Башнефть\" \"Башнефть-Новойл\"",1,17,"Бумага д/плоттера MEGA Engineer 654100","ШТ",7,273.39999999999998,{"$f":"H21*G21","v":1913.7999999999997},"450063, г. Уфа, ПАО АНК \"Башнефть\" \"Башнефть-Новойл\""]
["Бумага","ПАО АНК \"Башнефть\" \"Башнефть-Новойл\"",1,18,"Бумага для плоттера HP p/n Q8751A","ШТ",20,2955.1,{"$f":"H22*G22","v":59102},"450063, г. Уфа, ПАО АНК \"Башнефть\" \"Башнефть-Новойл\""]
["Бумага","ПАО АНК \"Башнефть\" \"Башнефть-Новойл\"",1,19,"Бумага для плоттера HP p/n Q8751A","ШТ",7,2955.1,{"$f":"H23*G23","v":20685.7},"450063, г. Уфа, ПАО АНК \"Башнефть\" \"Башнефть-Новойл\""]
["Бумага","ПАО АНК \"Башнефть\" \"Башнефть-Новойл\"",1,20,"Бумага для плоттера HP p/n Q8751A","ШТ",2,2955.1,{"$f":"H24*G24","v":5910.2},"450063, г. Уфа, ПАО АНК \"Башнефть\" \"Башнефть-Новойл\""]
["Бумага","ПАО АНК \"Башнефть\" \"Башнефть-Новойл\"",1,21,"Бумага для факса 210х15х12 рулон","ШТ",5,48.4,{"$f":"H25*G25","v":242},"450063, г. Уфа, ПАО АНК \"Башнефть\" \"Башнефть-Новойл\""]
["Бумага","ПАО АНК \"Башнефть\" \"Башнефть-Новойл\"",1,22,"Бумага для факса 210х15х12 рулон","ШТ",2,48.4,{"$f":"H26*G26","v":96.8},"450063, г. Уфа, ПАО АНК \"Башнефть\" \"Башнефть-Новойл\""]
["Бумага","ПАО АНК \"Башнефть\" \"Башнефть-Новойл\"",1,23,"Бумага для факса 210х15х12 рулон","ШТ",2,48.4,{"$f":"H27*G27","v":96.8},"450063, г. Уфа, ПАО АНК \"Башнефть\" \"Башнефть-Новойл\""]
["Бумага","ПАО АНК \"Башнефть\" \"Башнефть-Новойл\"",1,24,"Бумага рулонная 210ммх30м","ШТ",30,50,{"$f":"H28*G28","v":1500},"450063, г. Уфа, ПАО АНК \"Башнефть\" \"Башнефть-Новойл\""]
["Бумажная продукция","ПАО АНК \"Башнефть\" \"Башнефть-Новойл\"",2,25,"Бланк Личная карточка выдачи ср.инд.защ","ШТ",2000,8.4,{"$f":"H29*G29","v":16800},"450063, г. Уфа, ПАО АНК \"Башнефть\" \"Башнефть-Новойл\""]
["Бумажная продукция","ПАО АНК \"Башнефть\" \"Башнефть-Новойл\"",2,26,"Бланк Личная карточка выдачи ср.инд.защ","ШТ",2000,8.4,{"$f":"H30*G30","v":16800},"450063, г. Уфа, ПАО АНК \"Башнефть\" \"Башнефть-Новойл\""]
["Бумажная продукция","ПАО АНК \"Башнефть\" \"Башнефть-Новойл\"",2,27,"Бланк Личная карточка выдачи ср.инд.защ","ШТ",2000,8.4,{"$f":"H31*G31","v":16800},"450063, г. Уфа, ПАО АНК \"Башнефть\" \"Башнефть-Новойл\""]
["Бумажная продукция","ПАО АНК \"Башнефть\" \"Башнефть-Новойл\"",2,28,"Бланк Личная карточка выдачи ср.инд.защ","ШТ",2000,8.4,{"$f":"H32*G32","v":16800},"450063, г. Уфа, ПАО АНК \"Башнефть\" \"Башнефть-Новойл\""]
["Бумажная продукция","ПАО АНК \"Башнефть\" \"Башнефть-Новойл\"",2,29,"Бланк Личная карточка выдачи ср.инд.защ","ШТ",2000,8.4,{"$f":"H33*G33","v":16800},"450063, г. Уфа, ПАО АНК \"Башнефть\" \"Башнефть-Новойл\""]
["Бумажная продукция","ПАО АНК \"Башнефть\" \"Башнефть-Новойл\"",2,30,"Бланк Режимный лист","ШТ",1500,1.4,{"$f":"H34*G34","v":2100},"450063, г. Уфа, ПАО АНК \"Башнефть\" \"Башнефть-Новойл\""]
["Бумажная продукция","ПАО АНК \"Башнефть\" \"Башнефть-Новойл\"",2,31,"Бланк Режимный лист","ШТ",200,1.5,{"$f":"H35*G35","v":300},"450063, г. Уфа, ПАО АНК \"Башнефть\" \"Башнефть-Новойл\""]
["Бумажная продукция","ПАО АНК \"Башнефть\" \"Башнефть-Новойл\"",2,32,"Журнал Безопасность труда в промышлен","ШТ",15,74.7,{"$f":"H36*G36","v":1120.5},"450063, г. Уфа, ПАО АНК \"Башнефть\" \"Башнефть-Новойл\""]
["Бумажная продукция","ПАО АНК \"Башнефть\" \"Башнефть-Новойл\"",2,33,"Журнал Безопасность труда в промышлен","ШТ",17,57.5,{"$f":"H37*G37","v":977.5},"450063, г. Уфа, ПАО АНК \"Башнефть\" \"Башнефть-Новойл\""]
["Бумажная продукция","ПАО АНК \"Башнефть\" \"Башнефть-Новойл\"",2,34,"Журнал Безопасность труда в промышлен","ШТ",38,44.7,{"$f":"H38*G38","v":1698.6000000000001},"450063, г. Уфа, ПАО АНК \"Башнефть\" \"Башнефть-Новойл\""]
["Бумажная продукция","ПАО АНК \"Башнефть\" \"Башнефть-Новойл\"",2,35,"Журнал Безопасность труда в промышлен","ШТ",40,98.8,{"$f":"H39*G39","v":3952},"450063, г. Уфа, ПАО АНК \"Башнефть\" \"Башнефть-Новойл\""]
["Бумажная продукция","ПАО АНК \"Башнефть\" \"Башнефть-Новойл\"",2,36,"Журнал выдачи сертификатов","ШТ",10,215.9,{"$f":"H40*G40","v":2159},"450063, г. Уфа, ПАО АНК \"Башнефть\" \"Башнефть-Новойл\""]
["Бумажная продукция","ПАО АНК \"Башнефть\" \"Башнефть-Новойл\"",2,37,"Журнал регистрации вводного инструктажа","ШТ",124,35.700000000000003,{"$f":"H41*G41","v":4426.8},"450063, г. Уфа, ПАО АНК \"Башнефть\" \"Башнефть-Новойл\""]
["Бумажная продукция","ПАО АНК \"Башнефть\" \"Башнефть-Новойл\"",2,38,"Журнал регистрации вводного инструктажа","ШТ",19,35.700000000000003,{"$f":"H42*G42","v":678.30000000000007},"450063, г. Уфа, ПАО АНК \"Башнефть\" \"Башнефть-Новойл\""]
["Бумажная продукция","ПАО АНК \"Башнефть\" \"Башнефть-Новойл\"",2,39,"Журнал регистрации документов","ШТ",5,70.599999999999994,{"$f":"H43*G43","v":353},"450063, г. Уфа, ПАО АНК \"Башнефть\" \"Башнефть-Новойл\""]
["Бумажная продукция","ПАО АНК \"Башнефть\" \"Башнефть-Новойл\"",2,40,"Журнал СУ ОТ, ПБ и Э","ШТ",296,68.2,{"$f":"H44*G44","v":20187.2},"450063, г. Уфа, ПАО АНК \"Башнефть\" \"Башнефть-Новойл\""]
["Бумажная продукция","ПАО АНК \"Башнефть\" \"Башнефть-Новойл\"",2,41,"Журнал трехступ контроля условий труда","ШТ",48,96.6,{"$f":"H45*G45","v":4636.7999999999993},"450063, г. Уфа, ПАО АНК \"Башнефть\" \"Башнефть-Новойл\""]
["Бумажная продукция","ПАО АНК \"Башнефть\" \"Башнефть-Новойл\"",2,42,"Картон переплетный А4","КГ",750,43,{"$f":"H46*G46","v":32250},"450063, г. Уфа, ПАО АНК \"Башнефть\" \"Башнефть-Новойл\""]
["Бумажная продукция","ПАО АНК \"Башнефть\" \"Башнефть-Новойл\"",2,43,"Картон переплетный А4","КГ",825,99.6,{"$f":"H47*G47","v":82170},"450063, г. Уфа, ПАО АНК \"Башнефть\" \"Башнефть-Новойл\""]
["Бумажная продукция","ПАО АНК \"Башнефть\" \"Башнефть-Новойл\"",2,44,"Карточка учета выдачи смывающих средств","ШТ",90,1.4,{"$f":"H48*G48","v":125.99999999999999},"450063, г. Уфа, ПАО АНК \"Башнефть\" \"Башнефть-Новойл\""]
["Бумажная продукция","ПАО АНК \"Башнефть\" \"Башнефть-Новойл\"",2,45,"Карточка учета смывающих средств","ШТ",2000,1.4,{"$f":"H49*G49","v":2800},"450063, г. Уфа, ПАО АНК \"Башнефть\" \"Башнефть-Новойл\""]
["Бумажная продукция","ПАО АНК \"Башнефть\" \"Башнефть-Новойл\"",2,46,"Карточка учета смывающих средств","ШТ",2000,1.4,{"$f":"H50*G50","v":2800},"450063, г. Уфа, ПАО АНК \"Башнефть\" \"Башнефть-Новойл\""]
["Бумажная продукция","ПАО АНК \"Башнефть\" \"Башнефть-Новойл\"",2,47,"Карточка учета спецодежды","ШТ",2000,2.4,{"$f":"H51*G51","v":4800},"450063, г. Уфа, ПАО АНК \"Башнефть\" \"Башнефть-Новойл\""]
["Бумажная продукция","ПАО АНК \"Башнефть\" \"Башнефть-Новойл\"",2,48,"Карточка учета спецодежды","ШТ",2000,2.4,{"$f":"H52*G52","v":4800},"450063, г. Уфа, ПАО АНК \"Башнефть\" \"Башнефть-Новойл\""]
["Бумажная продукция","ПАО АНК \"Башнефть\" \"Башнефть-Новойл\"",2,49,"Книга учета А4 96л","ШТ",98,47.9,{"$f":"H53*G53","v":4694.2},"450063, г. Уфа, ПАО АНК \"Башнефть\" \"Башнефть-Новойл\""]
["Бумажная продукция","ПАО АНК \"Башнефть\" \"Башнефть-Новойл\"",2,50,"Книга учета А4 96л","ШТ",298,47.9,{"$f":"H54*G54","v":14274.199999999999},"450063, г. Уфа, ПАО АНК \"Башнефть\" \"Башнефть-Новойл\""]
["Бумажная продукция","ПАО АНК \"Башнефть\" \"Башнефть-Новойл\"",2,51,"Книга учета А4 96л","ШТ",30,47.9,{"$f":"H55*G55","v":1437},"450063, г. Уфа, ПАО АНК \"Башнефть\" \"Башнефть-Новойл\""]
["Бумажная продукция","ПАО АНК \"Башнефть\" \"Башнефть-Новойл\"",2,52,"Книга учета А4 96л","ШТ",30,47.9,{"$f":"H56*G56","v":1437},"450063, г. Уфа, ПАО АНК \"Башнефть\" \"Башнефть-Новойл\""]
["Бумажная продукция","ПАО АНК \"Башнефть\" \"Башнефть-Новойл\"",2,53,"Книга учета А4 96л","ШТ",30,47.9,{"$f":"H57*G57","v":1437},"450063, г. Уфа, ПАО АНК \"Башнефть\" \"Башнефть-Новойл\""]
["Бумажная продукция","ПАО АНК \"Башнефть\" \"Башнефть-Новойл\"",2,54,"Памятка об опасности сероводорода 10х15","ШТ",122,20,{"$f":"H58*G58","v":2440},"450063, г. Уфа, ПАО АНК \"Башнефть\" \"Башнефть-Новойл\""]
["Бумажная продукция","ПАО АНК \"Башнефть\" \"Башнефть-Новойл\"",2,55,"Папка-вкладыш Проспект-Хиллен А3","ШТ",4734,1,{"$f":"H59*G59","v":4734},"450063, г. Уфа, ПАО АНК \"Башнефть\" \"Башнефть-Новойл\""]
["Бумажная продукция","ПАО АНК \"Башнефть\" \"Башнефть-Новойл\"",2,56,"Папка-вкладыш Проспект-Хиллен А3","ШТ",950,1,{"$f":"H60*G60","v":950},"450063, г. Уфа, ПАО АНК \"Башнефть\" \"Башнефть-Новойл\""]
["Бумажная продукция","ПАО АНК \"Башнефть\" \"Башнефть-Новойл\"",2,57,"Папка-вкладыш Проспект-Хиллен А3","ШТ",5000,1,{"$f":"H61*G61","v":5000},"450063, г. Уфа, ПАО АНК \"Башнефть\" \"Башнефть-Новойл\""]
["Бумажная продукция","ПАО АНК \"Башнефть\" \"Башнефть-Новойл\"",2,58,"Папка-вкладыш Проспект-Хиллен А3","ШТ",1000,1,{"$f":"H62*G62","v":1000},"450063, г. Уфа, ПАО АНК \"Башнефть\" \"Башнефть-Новойл\""]
["Бумажная продукция","ПАО АНК \"Башнефть\" \"Башнефть-Новойл\"",2,59,"Папка-вкладыш Проспект-Хиллен А3","ШТ",980,1,{"$f":"H63*G63","v":980},"450063, г. Уфа, ПАО АНК \"Башнефть\" \"Башнефть-Новойл\""]
["Бумажная продукция","ПАО АНК \"Башнефть\" \"Башнефть-Новойл\"",2,60,"Пружина д/переплета, 25 мм, упк 50 шт.","УПК",1,230,{"$f":"H64*G64","v":230},"450063, г. Уфа, ПАО АНК \"Башнефть\" \"Башнефть-Новойл\""]
["Бумажная продукция","ПАО АНК \"Башнефть\" \"Башнефть-Новойл\"",2,61,"Пружина д/переплета, 25 мм, упк 50 шт.","УПК",4,230,{"$f":"H65*G65","v":920},"450063, г. Уфа, ПАО АНК \"Башнефть\" \"Башнефть-Новойл\""]
["Бумажная продукция","ПАО АНК \"Башнефть\" \"Башнефть-Новойл\"",2,62,"Пружина д/переплета, 28 мм, упк 50 шт.","УПК",1,320,{"$f":"H66*G66","v":320},"450063, г. Уфа, ПАО АНК \"Башнефть\" \"Башнефть-Новойл\""]
["Бумажная продукция","ПАО АНК \"Башнефть\" \"Башнефть-Новойл\"",2,63,"Пружина д/переплета, 28 мм, упк 50 шт.","УПК",7,320,{"$f":"H67*G67","v":2240},"450063, г. Уфа, ПАО АНК \"Башнефть\" \"Башнефть-Новойл\""]
["Бумажная продукция","ПАО АНК \"Башнефть\" \"Башнефть-Новойл\"",2,64,"Пружина д/переплета, 28 мм, упк 50 шт.","УПК",4,320,{"$f":"H68*G68","v":1280},"450063, г. Уфа, ПАО АНК \"Башнефть\" \"Башнефть-Новойл\""]
["Бумажная продукция","ПАО АНК \"Башнефть\" \"Башнефть-Новойл\"",2,65,"Пружина д/переплета, 28 мм, упк 50 шт.","УПК",4,320,{"$f":"H69*G69","v":1280},"450063, г. Уфа, ПАО АНК \"Башнефть\" \"Башнефть-Новойл\""]
["Бумажная продукция","ПАО АНК \"Башнефть\" \"Башнефть-Новойл\"",2,66,"Пружина д/переплета, 28 мм, упк 50 шт.","УПК",4,320,{"$f":"H70*G70","v":1280},"450063, г. Уфа, ПАО АНК \"Башнефть\" \"Башнефть-Новойл\""]
["Бумажная продукция","ПАО АНК \"Башнефть\" \"Башнефть-Новойл\"",2,67,"Пружина д/переплета, 28 мм, упк 50 шт.","УПК",4,320,{"$f":"H71*G71","v":1280},"450063, г. Уфа, ПАО АНК \"Башнефть\" \"Башнефть-Новойл\""]
["Бумажная продукция","ПАО АНК \"Башнефть\" \"Башнефть-Новойл\"",2,68,"Пружины для переплета пластик 45мм 50шт","УПК",2,410,{"$f":"H72*G72","v":820},"450063, г. Уфа, ПАО АНК \"Башнефть\" \"Башнефть-Новойл\""]
["Бумажная продукция","ПАО АНК \"Башнефть\" \"Башнефть-Новойл\"",2,69,"Пружины для переплета пластик 45мм 50шт","УПК",2,410,{"$f":"H73*G73","v":820},"450063, г. Уфа, ПАО АНК \"Башнефть\" \"Башнефть-Новойл\""]
["Бумажная продукция","ПАО АНК \"Башнефть\" \"Башнефть-Новойл\"",2,70,"Пружины для переплета пластик 45мм 50шт","УПК",2,410,{"$f":"H74*G74","v":820},"450063, г. Уфа, ПАО АНК \"Башнефть\" \"Башнефть-Новойл\""]
["Бумажная продукция","ПАО АНК \"Башнефть\" \"Башнефть-Новойл\"",2,71,"Файл (вставка в папку-скоросш) А3","ШТ",2737,1,{"$f":"H75*G75","v":2737},"450063, г. Уфа, ПАО АНК \"Башнефть\" \"Башнефть-Новойл\""]
["Бумажная продукция","ПАО АНК \"Башнефть\" \"Башнефть-Новойл\"",2,72,"Файл (вставка в папку-скоросш) А3","ШТ",100,1,{"$f":"H76*G76","v":100},"450063, г. Уфа, ПАО АНК \"Башнефть\" \"Башнефть-Новойл\""]
["Бумажная продукция","ПАО АНК \"Башнефть\" \"Башнефть-Новойл\"",2,73,"Файл (вставка в папку-скоросш) А3","ШТ",100,1,{"$f":"H77*G77","v":100},"450063, г. Уфа, ПАО АНК \"Башнефть\" \"Башнефть-Новойл\""]
["Бумажная продукция","ПАО АНК \"Башнефть\" \"Башнефть-Новойл\"",2,74,"Файл (вставка в папку-скоросш) А3","ШТ",100,1,{"$f":"H78*G78","v":100},"450063, г. Уфа, ПАО АНК \"Башнефть\" \"Башнефть-Новойл\""]
["Бумажная продукция","ПАО АНК \"Башнефть\" \"Башнефть-Новойл\"",2,75,"Файл (вставка в папку-скоросш) А3","ШТ",100,1,{"$f":"H79*G79","v":100},"450063, г. Уфа, ПАО АНК \"Башнефть\" \"Башнефть-Новойл\""]
["Бумажная продукция","ПАО АНК \"Башнефть\" \"Башнефть-Новойл\"",2,76,"Файл (вставка в папку-скоросш) А3","ШТ",100,1,{"$f":"H80*G80","v":100},"450063, г. Уфа, ПАО АНК \"Башнефть\" \"Башнефть-Новойл\""]
["Бумажная продукция","ПАО АНК \"Башнефть\" \"Башнефть-Новойл\"",2,77,"Файл (вставка в папку-скоросш) А3","ШТ",1000,1,{"$f":"H81*G81","v":1000},"450063, г. Уфа, ПАО АНК \"Башнефть\" \"Башнефть-Новойл\""]
["Бумажная продукция","ПАО АНК \"Башнефть\" \"Башнефть-Новойл\"",2,78,"Файл (вставка в папку-скоросш) А3","ШТ",1000,1,{"$f":"H82*G82","v":1000},"450063, г. Уфа, ПАО АНК \"Башнефть\" \"Башнефть-Новойл\""]
["Бумажная продукция","ПАО АНК \"Башнефть\" \"Башнефть-Новойл\"",2,79,"Файл (вставка в папку-скоросш) А3","ШТ",5000,1,{"$f":"H83*G83","v":5000},"450063, г. Уфа, ПАО АНК \"Башнефть\" \"Башнефть-Новойл\""]
["Бытовая химия","ПАО АНК \"Башнефть\" \"Башнефть-Новойл\"",3,80,"Порошок Арзамит-5","КГ",414,60,{"$f":"H84*G84","v":24840},"450063, г. Уфа, ПАО АНК \"Башнефть\" \"Башнефть-Новойл\""]
["Бытовая химия","ПАО АНК \"Башнефть\" \"Башнефть-Новойл\"",3,81,"Порошок Арзамит-5","КГ",1586,60,{"$f":"H85*G85","v":95160},"450063, г. Уфа, ПАО АНК \"Башнефть\" \"Башнефть-Новойл\""]
["Бытовая химия","ПАО АНК \"Башнефть\" \"Башнефть-Новойл\"",3,82,"Порошок стир Лотос Эконом Универсал 450г","ШТ",390,10,{"$f":"H86*G86","v":3900},"450063, г. Уфа, ПАО АНК \"Башнефть\" \"Башнефть-Новойл\""]
["Бытовая химия","ПАО АНК \"Башнефть\" \"Башнефть-Новойл\"",3,83,"Порошок стир Лотос Эконом Универсал 450г","ШТ",800,10,{"$f":"H87*G87","v":8000},"450063, г. Уфа, ПАО АНК \"Башнефть\" \"Башнефть-Новойл\""]
["Бытовая химия","ПАО АНК \"Башнефть\" \"Башнефть-Новойл\"",3,84,"Порошок стир Лотос Эконом Универсал 450г","ШТ",1000,10,{"$f":"H88*G88","v":10000},"450063, г. Уфа, ПАО АНК \"Башнефть\" \"Башнефть-Новойл\""]
["Бытовая химия","ПАО АНК \"Башнефть\" \"Башнефть-Новойл\"",3,85,"Порошок стир Лотос Эконом Универсал 450г","ШТ",68,10,{"$f":"H89*G89","v":680},"450063, г. Уфа, ПАО АНК \"Башнефть\" \"Башнефть-Новойл\""]
["Бытовая химия","ПАО АНК \"Башнефть\" \"Башнефть-Новойл\"",3,86,"Порошок стир Лотос Эконом Универсал 450г","ШТ",596,10,{"$f":"H90*G90","v":5960},"450063, г. Уфа, ПАО АНК \"Башнефть\" \"Башнефть-Новойл\""]
["Бытовая химия","ПАО АНК \"Башнефть\" \"Башнефть-Новойл\"",3,87,"Порошок стир Лотос Эконом Универсал 450г","ШТ",1000,10,{"$f":"H91*G91","v":10000},"450063, г. Уфа, ПАО АНК \"Башнефть\" \"Башнефть-Новойл\""]
["Бытовая химия","ПАО АНК \"Башнефть\" \"Башнефть-Новойл\"",3,88,"Порошок стир Лотос Эконом Универсал 450г","ШТ",230,10,{"$f":"H92*G92","v":2300},"450063, г. Уфа, ПАО АНК \"Башнефть\" \"Башнефть-Новойл\""]
["Бытовая химия","ПАО АНК \"Башнефть\" \"Башнефть-Новойл\"",3,89,"Порошок стиральный Дени","КГ",1000,20,{"$f":"H93*G93","v":20000},"450063, г. Уфа, ПАО АНК \"Башнефть\" \"Башнефть-Новойл\""]
["Бытовая химия","ПАО АНК \"Башнефть\" \"Башнефть-Новойл\"",3,90,"Порошок стиральный Дэнди 450г","ШТ",832,10,{"$f":"H94*G94","v":8320},"450063, г. Уфа, ПАО АНК \"Башнефть\" \"Башнефть-Новойл\""]
["Бытовая химия","ПАО АНК \"Башнефть\" \"Башнефть-Новойл\"",3,91,"Порошок стиральный Дэнди 450г","ШТ",50,10,{"$f":"H95*G95","v":500},"450063, г. Уфа, ПАО АНК \"Башнефть\" \"Башнефть-Новойл\""]
["Бытовая химия","ПАО АНК \"Башнефть\" \"Башнефть-Новойл\"",3,92,"Порошок стиральный Дэнди 450г","ШТ",100,10,{"$f":"H96*G96","v":1000},"450063, г. Уфа, ПАО АНК \"Башнефть\" \"Башнефть-Новойл\""]
["Бытовая химия","ПАО АНК \"Башнефть\" \"Башнефть-Новойл\"",3,93,"Порошок стиральный Дэнди 450г","ШТ",1000,10,{"$f":"H97*G97","v":10000},"450063, г. Уфа, ПАО АНК \"Башнефть\" \"Башнефть-Новойл\""]
["Бытовая химия","ПАО АНК \"Башнефть\" \"Башнефть-Новойл\"",3,94,"Порошок стиральный Дэнди 450г","ШТ",1000,10,{"$f":"H98*G98","v":10000},"450063, г. Уфа, ПАО АНК \"Башнефть\" \"Башнефть-Новойл\""]
["Бытовая химия","ПАО АНК \"Башнефть\" \"Башнефть-Новойл\"",3,95,"Порошок стиральный Дэнди 450г","ШТ",800,10,{"$f":"H99*G99","v":8000},"450063, г. Уфа, ПАО АНК \"Башнефть\" \"Башнефть-Новойл\""]
["Бытовая химия","ПАО АНК \"Башнефть\" \"Башнефть-Новойл\"",3,96,"Порошок стиральный Дэнди 450г","ШТ",800,10,{"$f":"H100*G100","v":8000},"450063, г. Уфа, ПАО АНК \"Башнефть\" \"Башнефть-Новойл\""]
["Бытовая химия","ПАО АНК \"Башнефть\" \"Башнефть-Новойл\"",3,97,"Порошок стиральный Дэнди 450г","ШТ",800,10,{"$f":"H101*G101","v":8000},"450063, г. Уфа, ПАО АНК \"Башнефть\" \"Башнефть-Новойл\""]
["Бытовая химия","ПАО АНК \"Башнефть\" \"Башнефть-Новойл\"",3,98,"Порошок стиральный Дэнди 450г","ШТ",800,10,{"$f":"H102*G102","v":8000},"450063, г. Уфа, ПАО АНК \"Башнефть\" \"Башнефть-Новойл\""]
["Бытовая химия","ПАО АНК \"Башнефть\" \"Башнефть-Новойл\"",3,99,"Порошок стиральный Дэнди 450г","ШТ",800,10,{"$f":"H103*G103","v":8000},"450063, г. Уфа, ПАО АНК \"Башнефть\" \"Башнефть-Новойл\""]
["Бытовая химия","ПАО АНК \"Башнефть\" \"Башнефть-Новойл\"",3,100,"Порошок стиральный Дэнди 450г","ШТ",800,10,{"$f":"H104*G104","v":8000},"450063, г. Уфа, ПАО АНК \"Башнефть\" \"Башнефть-Новойл\""]
["Бытовая химия","ПАО АНК \"Башнефть\" \"Башнефть-Новойл\"",3,101,"Порошок стиральный Дэнди 450г","ШТ",800,10,{"$f":"H105*G105","v":8000},"450063, г. Уфа, ПАО АНК \"Башнефть\" \"Башнефть-Новойл\""]
["Бытовая химия","ПАО АНК \"Башнефть\" \"Башнефть-Новойл\"",3,102,"Порошок стиральный Дэнди 450г","ШТ",800,10,{"$f":"H106*G106","v":8000},"450063, г. Уфа, ПАО АНК \"Башнефть\" \"Башнефть-Новойл\""]
["Бытовая химия","ПАО АНК \"Башнефть\" \"Башнефть-Новойл\"",3,103,"Порошок стиральный Дэнди 450г","ШТ",200,10,{"$f":"H107*G107","v":2000},"450063, г. Уфа, ПАО АНК \"Башнефть\" \"Башнефть-Новойл\""]
["Бытовая химия","ПАО АНК \"Башнефть\" \"Башнефть-Новойл\"",3,104,"Порошок стиральный Дэнди 450г","ШТ",100,10,{"$f":"H108*G108","v":1000},"450063, г. Уфа, ПАО АНК \"Башнефть\" \"Башнефть-Новойл\""]
["Бытовая химия","ПАО АНК \"Башнефть\" \"Башнефть-Новойл\"",3,105,"Порошок стиральный Дэнди 450г","ШТ",60,10,{"$f":"H109*G109","v":600},"450063, г. Уфа, ПАО АНК \"Башнефть\" \"Башнефть-Новойл\""]
["Бытовая химия","ПАО АНК \"Башнефть\" \"Башнефть-Новойл\"",3,106,"Порошок стиральный Дэнди 450г","ШТ",60,10,{"$f":"H110*G110","v":600},"450063, г. Уфа, ПАО АНК \"Башнефть\" \"Башнефть-Новойл\""]
["Бытовая химия","ПАО АНК \"Башнефть\" \"Башнефть-Новойл\"",3,107,"Порошок стиральный Дэнди 450г","ШТ",60,10,{"$f":"H111*G111","v":600},"450063, г. Уфа, ПАО АНК \"Башнефть\" \"Башнефть-Новойл\""]
["Бытовая химия","ПАО АНК \"Башнефть\" \"Башнефть-Новойл\"",3,108,"Порошок стиральный Дэнди 450г","ШТ",30,10,{"$f":"H112*G112","v":300},"450063, г. Уфа, ПАО АНК \"Башнефть\" \"Башнефть-Новойл\""]
["Бытовая химия","ПАО АНК \"Башнефть\" \"Башнефть-Новойл\"",3,109,"Порошок стиральный Дэнди 450г","ШТ",27,10,{"$f":"H113*G113","v":270},"450063, г. Уфа, ПАО АНК \"Башнефть\" \"Башнефть-Новойл\""]
["Бытовая химия","ПАО АНК \"Башнефть\" \"Башнефть-Новойл\"",3,110,"Порошок стиральный Дэнди 450г","ШТ",20,10,{"$f":"H114*G114","v":200},"450063, г. Уфа, ПАО АНК \"Башнефть\" \"Башнефть-Новойл\""]
["Бытовая химия","ПАО АНК \"Башнефть\" \"Башнефть-Новойл\"",3,111,"Порошок стиральный Дэнди 450г","ШТ",20,10,{"$f":"H115*G115","v":200},"450063, г. Уфа, ПАО АНК \"Башнефть\" \"Башнефть-Новойл\""]
["Бытовая химия","ПАО АНК \"Башнефть\" \"Башнефть-Новойл\"",3,112,"Порошок стиральный Дэнди 450г","ШТ",20,10,{"$f":"H116*G116","v":200},"450063, г. Уфа, ПАО АНК \"Башнефть\" \"Башнефть-Новойл\""]
["Бытовая химия","ПАО АНК \"Башнефть\" \"Башнефть-Новойл\"",3,113,"Порошок стиральный Дэнди 450г","ШТ",20,10,{"$f":"H117*G117","v":200},"450063, г. Уфа, ПАО АНК \"Башнефть\" \"Башнефть-Новойл\""]
["Бытовая химия","ПАО АНК \"Башнефть\" \"Башнефть-Новойл\"",3,114,"Порошок стиральный Дэнди 450г","ШТ",20,10,{"$f":"H118*G118","v":200},"450063, г. Уфа, ПАО АНК \"Башнефть\" \"Башнефть-Новойл\""]
["Бытовая химия","ПАО АНК \"Башнефть\" \"Башнефть-Новойл\"",3,115,"Порошок стиральный Дэнди 450г","ШТ",20,10,{"$f":"H119*G119","v":200},"450063, г. Уфа, ПАО АНК \"Башнефть\" \"Башнефть-Новойл\""]
["Бытовая химия","ПАО АНК \"Башнефть\" \"Башнефть-Новойл\"",3,116,"Порошок стиральный Дэнди 450г","ШТ",20,10,{"$f":"H120*G120","v":200},"450063, г. Уфа, ПАО АНК \"Башнефть\" \"Башнефть-Новойл\""]
["Бытовая химия","ПАО АНК \"Башнефть\" \"Башнефть-Новойл\"",3,117,"Порошок стиральный Дэнди 450г","ШТ",5,10,{"$f":"H121*G121","v":50},"450063, г. Уфа, ПАО АНК \"Башнефть\" \"Башнефть-Новойл\""]
["Бытовая химия","ПАО АНК \"Башнефть\" \"Башнефть-Новойл\"",3,118,"Порошок стиральный Дэнди 450г","ШТ",99,10,{"$f":"H122*G122","v":990},"450063, г. Уфа, ПАО АНК \"Башнефть\" \"Башнефть-Новойл\""]
["Бытовая химия","ПАО АНК \"Башнефть\" \"Башнефть-Новойл\"",3,119,"Порошок стиральный Зифа 550г","ШТ",200,10,{"$f":"H123*G123","v":2000},"450063, г. Уфа, ПАО АНК \"Башнефть\" \"Башнефть-Новойл\""]
["Бытовая химия","ПАО АНК \"Башнефть\" \"Башнефть-Новойл\"",3,120,"Порошок стиральный ЛотосМ Универсал 20кг","ШТ",48,300,{"$f":"H124*G124","v":14400},"450063, г. Уфа, ПАО АНК \"Башнефть\" \"Башнефть-Новойл\""]
["Бытовая химия","ПАО АНК \"Башнефть\" \"Башнефть-Новойл\"",3,121,"Порошок стиральный ЛотосМ Универсал 20кг","ШТ",50,300,{"$f":"H125*G125","v":15000},"450063, г. Уфа, ПАО АНК \"Башнефть\" \"Башнефть-Новойл\""]
["Бытовая химия","ПАО АНК \"Башнефть\" \"Башнефть-Новойл\"",3,122,"Порошок стиральный ЛотосМ Универсал 20кг","ШТ",43,300,{"$f":"H126*G126","v":12900},"450063, г. Уфа, ПАО АНК \"Башнефть\" \"Башнефть-Новойл\""]
["ХозяйственныеИзделия","ПАО АНК \"Башнефть\" \"Башнефть-Новойл\"",4,123,"Вкладыш для визитницы 10шт","УПК",13,12.6,{"$f":"H127*G127","v":163.79999999999998},"450063, г. Уфа, ПАО АНК \"Башнефть\" \"Башнефть-Новойл\""]
["ХозяйственныеИзделия","ПАО АНК \"Башнефть\" \"Башнефть-Новойл\"",4,124,"Диспенсер Transpak для ПП лент H-83","ШТ",2,4549,{"$f":"H128*G128","v":9098},"450063, г. Уфа, ПАО АНК \"Башнефть\" \"Башнефть-Новойл\""]
["ХозяйственныеИзделия","ПАО АНК \"Башнефть\" \"Башнефть-Новойл\"",4,125,"Ерш для унитаза","ШТ",50,37.799999999999997,{"$f":"H129*G129","v":1889.9999999999998},"450063, г. Уфа, ПАО АНК \"Башнефть\" \"Башнефть-Новойл\""]
["ХозяйственныеИзделия","ПАО АНК \"Башнефть\" \"Башнефть-Новойл\"",4,126,"Ерш для унитаза","ШТ",10,37.799999999999997,{"$f":"H130*G130","v":378},"450063, г. Уфа, ПАО АНК \"Башнефть\" \"Башнефть-Новойл\""]
["ХозяйственныеИзделия","ПАО АНК \"Башнефть\" \"Башнефть-Новойл\"",4,127,"Ерш для унитаза","ШТ",1,37.799999999999997,{"$f":"H131*G131","v":37.799999999999997},"450063, г. Уфа, ПАО АНК \"Башнефть\" \"Башнефть-Новойл\""]
["ХозяйственныеИзделия","ПАО АНК \"Башнефть\" \"Башнефть-Новойл\"",4,128,"Ерш для унитаза","ШТ",41,37.799999999999997,{"$f":"H132*G132","v":1549.8},"450063, г. Уфа, ПАО АНК \"Башнефть\" \"Башнефть-Новойл\""]
["ХозяйственныеИзделия","ПАО АНК \"Башнефть\" \"Башнефть-Новойл\"",4,129,"Ерш для унитаза","ШТ",19,37.799999999999997,{"$f":"H133*G133","v":718.19999999999993},"450063, г. Уфа, ПАО АНК \"Башнефть\" \"Башнефть-Новойл\""]
["ХозяйственныеИзделия","ПАО АНК \"Башнефть\" \"Башнефть-Новойл\"",4,130,"Ерш для унитаза","ШТ",23,37.799999999999997,{"$f":"H134*G134","v":869.4},"450063, г. Уфа, ПАО АНК \"Башнефть\" \"Башнефть-Новойл\""]
["ХозяйственныеИзделия","ПАО АНК \"Башнефть\" \"Башнефть-Новойл\"",4,131,"Крышка для ведра","ШТ",13,16.399999999999999,{"$f":"H135*G135","v":213.2},"450063, г. Уфа, ПАО АНК \"Башнефть\" \"Башнефть-Новойл\""]
["ХозяйственныеИзделия","ПАО АНК \"Башнефть\" \"Башнефть-Новойл\"",4,132,"Личинка дверного замка","ШТ",20,227.4,{"$f":"H136*G136","v":4548},"450063, г. Уфа, ПАО АНК \"Башнефть\" \"Башнефть-Новойл\""]
["ХозяйственныеИзделия","ПАО АНК \"Башнефть\" \"Башнефть-Новойл\"",4,133,"Личинка дверного замка","ШТ",10,227.4,{"$f":"H137*G137","v":2274},"450063, г. Уфа, ПАО АНК \"Башнефть\" \"Башнефть-Новойл\""]
["ХозяйственныеИзделия","ПАО АНК \"Башнефть\" \"Башнефть-Новойл\"",4,134,"Личинка дверного замка","ШТ",10,227.4,{"$f":"H138*G138","v":2274},"450063, г. Уфа, ПАО АНК \"Башнефть\" \"Башнефть-Новойл\""]
["ХозяйственныеИзделия","ПАО АНК \"Башнефть\" \"Башнефть-Новойл\"",4,135,"Личинка дверного замка","ШТ",10,227.4,{"$f":"H139*G139","v":2274},"450063, г. Уфа, ПАО АНК \"Башнефть\" \"Башнефть-Новойл\""]
["ХозяйственныеИзделия","ПАО АНК \"Башнефть\" \"Башнефть-Новойл\"",4,136,"Личинка дверного замка","ШТ",20,227.4,{"$f":"H140*G140","v":4548},"450063, г. Уфа, ПАО АНК \"Башнефть\" \"Башнефть-Новойл\""]
["ХозяйственныеИзделия","ПАО АНК \"Башнефть\" \"Башнефть-Новойл\"",4,137,"Модуль сменный Аквафор B520-13","ШТ",2,2305.8000000000002,{"$f":"H141*G141","v":4611.6000000000004},"450063, г. Уфа, ПАО АНК \"Башнефть\" \"Башнефть-Новойл\""]
["ХозяйственныеИзделия","ПАО АНК \"Башнефть\" \"Башнефть-Новойл\"",4,138,"Модуль сменный Аквафор B520-13","ШТ",4,2305.8000000000002,{"$f":"H142*G142","v":9223.2000000000007},"450063, г. Уфа, ПАО АНК \"Башнефть\" \"Башнефть-Новойл\""]
["ХозяйственныеИзделия","ПАО АНК \"Башнефть\" \"Башнефть-Новойл\"",4,139,"Муфта с внутренней резьбой 20х1/2\"","ШТ",375,18.100000000000001,{"$f":"H143*G143","v":6787.5000000000009},"450063, г. Уфа, ПАО АНК \"Башнефть\" \"Башнефть-Новойл\""]
["ХозяйственныеИзделия","ПАО АНК \"Башнефть\" \"Башнефть-Новойл\"",4,140,"Обогреватель для шлагбаума Came FMS200","ШТ",1,7980,{"$f":"H144*G144","v":7980},"450063, г. Уфа, ПАО АНК \"Башнефть\" \"Башнефть-Новойл\""]
["ХозяйственныеИзделия","ПАО АНК \"Башнефть\" \"Башнефть-Новойл\"",4,141,"Опора ножка Стайл С-002","ШТ",1,238.1,{"$f":"H145*G145","v":238.1},"450063, г. Уфа, ПАО АНК \"Башнефть\" \"Башнефть-Новойл\""]
["ХозяйственныеИзделия","ПАО АНК \"Башнефть\" \"Башнефть-Новойл\"",4,142,"Паста бензочувствительная Kolor Kut(64г)","ШТ",12,310,{"$f":"H146*G146","v":3720},"450063, г. Уфа, ПАО АНК \"Башнефть\" \"Башнефть-Новойл\""]
["ХозяйственныеИзделия","ПАО АНК \"Башнефть\" \"Башнефть-Новойл\"",4,143,"Паста бензочувствительная Kolor Kut(64г)","ШТ",19,330,{"$f":"H147*G147","v":6270},"450063, г. Уфа, ПАО АНК \"Башнефть\" \"Башнефть-Новойл\""]
["ХозяйственныеИзделия","ПАО АНК \"Башнефть\" \"Башнефть-Новойл\"",4,144,"Патрубок П-50-250","ШТ",16,170,{"$f":"H148*G148","v":2720},"450063, г. Уфа, ПАО АНК \"Башнефть\" \"Башнефть-Новойл\""]
["ХозяйственныеИзделия","ПАО АНК \"Башнефть\" \"Башнефть-Новойл\"",4,145,"Подкладка ДН6-65","КГ",12700,40,{"$f":"H149*G149","v":508000},"450063, г. Уфа, ПАО АНК \"Башнефть\" \"Башнефть-Новойл\""]
["ХозяйственныеИзделия","ПАО АНК \"Башнефть\" \"Башнефть-Новойл\"",4,146,"Подкладка КБ-65","ШТ",37.143000000000001,110,{"$f":"H150*G150","v":4085.73},"450063, г. Уфа, ПАО АНК \"Башнефть\" \"Башнефть-Новойл\""]
["ХозяйственныеИзделия","ПАО АНК \"Башнефть\" \"Башнефть-Новойл\"",4,147,"Подкладка КБ-65","ШТ",590,110,{"$f":"H151*G151","v":64900},"450063, г. Уфа, ПАО АНК \"Башнефть\" \"Башнефть-Новойл\""]
["ХозяйственныеИзделия","ПАО АНК \"Башнефть\" \"Башнефть-Новойл\"",4,148,"Подставка 1.494-25","ШТ",24,1750,{"$f":"H152*G152","v":42000},"450063, г. Уфа, ПАО АНК \"Башнефть\" \"Башнефть-Новойл\""]
["ХозяйственныеИзделия","ПАО АНК \"Башнефть\" \"Башнефть-Новойл\"",4,149,"Пружина д/переплета, 38 мм, (упк 50 шт)","УПК",2,370,{"$f":"H153*G153","v":740},"450063, г. Уфа, ПАО АНК \"Башнефть\" \"Башнефть-Новойл\""]
["ХозяйственныеИзделия","ПАО АНК \"Башнефть\" \"Башнефть-Новойл\"",4,150,"Разъем прямой 32х1/0 код 900321/030","ШТ",1,110,{"$f":"H154*G154","v":110},"450063, г. Уфа, ПАО АНК \"Башнефть\" \"Башнефть-Новойл\""]
["ХозяйственныеИзделия","ПАО АНК \"Башнефть\" \"Башнефть-Новойл\"",4,151,"Ручка для топора 400мм","ШТ",10,30,{"$f":"H155*G155","v":300},"450063, г. Уфа, ПАО АНК \"Башнефть\" \"Башнефть-Новойл\""]
["ХозяйственныеИзделия","ПАО АНК \"Башнефть\" \"Башнефть-Новойл\"",4,152,"Ручка оконная алюминиевая Hermo","ШТ",3,60,{"$f":"H156*G156","v":180},"450063, г. Уфа, ПАО АНК \"Башнефть\" \"Башнефть-Новойл\""]
["ХозяйственныеИзделия","ПАО АНК \"Башнефть\" \"Башнефть-Новойл\"",4,153,"Ручка пластиковая для черенка d36мм","ШТ",3,30,{"$f":"H157*G157","v":90},"450063, г. Уфа, ПАО АНК \"Башнефть\" \"Башнефть-Новойл\""]
["ХозяйственныеИзделия","ПАО АНК \"Башнефть\" \"Башнефть-Новойл\"",4,154,"Стекло иллюминаторное 140х20","ШТ",10,3400,{"$f":"H158*G158","v":34000},"450063, г. Уфа, ПАО АНК \"Башнефть\" \"Башнефть-Новойл\""]
["ХозяйственныеИзделия","ПАО АНК \"Башнефть\" \"Башнефть-Новойл\"",4,155,"Стекло триплекс смотровое 416х15","ШТ",6,2500,{"$f":"H159*G159","v":15000},"450063, г. Уфа, ПАО АНК \"Башнефть\" \"Башнефть-Новойл\""]
["ХозяйственныеИзделия","ПАО АНК \"Башнефть\" \"Башнефть-Новойл\"",4,156,"Стекло триплекс смотровое 416х15","ШТ",4,2500,{"$f":"H160*G160","v":10000},"450063, г. Уфа, ПАО АНК \"Башнефть\" \"Башнефть-Новойл\""]
["ХозяйственныеИзделия","ПАО АНК \"Башнефть\" \"Башнефть-Новойл\"",4,157,"Трап ПП 100мм","ШТ",1,570,{"$f":"H161*G161","v":570},"450063, г. Уфа, ПАО АНК \"Башнефть\" \"Башнефть-Новойл\""]
["ХозяйственныеИзделия","ПАО АНК \"Башнефть\" \"Башнефть-Новойл\"",4,158,"Трап чугунный 50мм","ШТ",1,420,{"$f":"H162*G162","v":420},"450063, г. Уфа, ПАО АНК \"Башнефть\" \"Башнефть-Новойл\""]
["ХозяйственныеИзделия","ПАО АНК \"Башнефть\" \"Башнефть-Новойл\"",4,159,"Тройник косой чугунный 150х100/90гр","ШТ",2,40,{"$f":"H163*G163","v":80},"450063, г. Уфа, ПАО АНК \"Башнефть\" \"Башнефть-Новойл\""]
["ХозяйственныеИзделия","ПАО АНК \"Башнефть\" \"Башнефть-Новойл\"",4,160,"Тройник переходной чугунный 100/50-100","ШТ",16,70,{"$f":"H164*G164","v":1120},"450063, г. Уфа, ПАО АНК \"Башнефть\" \"Башнефть-Новойл\""]
["ХозяйственныеИзделия","ПАО АНК \"Башнефть\" \"Башнефть-Новойл\"",4,161,"Тройник ТП 100х100","ШТ",2,110,{"$f":"H165*G165","v":220},"450063, г. Уфа, ПАО АНК \"Башнефть\" \"Башнефть-Новойл\""]
["ХозяйственныеИзделия","ПАО АНК \"Башнефть\" \"Башнефть-Новойл\"",4,162,"Черенок","ШТ",60,20,{"$f":"H166*G166","v":1200},"450063, г. Уфа, ПАО АНК \"Башнефть\" \"Башнефть-Новойл\""]
["ХозяйственныеИзделия","ПАО АНК \"Башнефть\" \"Башнефть-Новойл\"",4,163,"Черенок","ШТ",5,20,{"$f":"H167*G167","v":100},"450063, г. Уфа, ПАО АНК \"Башнефть\" \"Башнефть-Новойл\""]
["ХозяйственныеИзделия","ПАО АНК \"Башнефть\" \"Башнефть-Новойл\"",4,164,"Черенок","ШТ",100,20,{"$f":"H168*G168","v":2000},"450063, г. Уфа, ПАО АНК \"Башнефть\" \"Башнефть-Новойл\""]
["ХозяйственныеИзделия","ПАО АНК \"Башнефть\" \"Башнефть-Новойл\"",4,165,"Черенок","ШТ",100,20,{"$f":"H169*G169","v":2000},"450063, г. Уфа, ПАО АНК \"Башнефть\" \"Башнефть-Новойл\""]
["ХозяйственныеИзделия","ПАО АНК \"Башнефть\" \"Башнефть-Новойл\"",4,166,"Черенок","ШТ",100,20,{"$f":"H170*G170","v":2000},"450063, г. Уфа, ПАО АНК \"Башнефть\" \"Башнефть-Новойл\""]
["ХозяйственныеИзделия","ПАО АНК \"Башнефть\" \"Башнефть-Новойл\"",4,167,"Черенок","ШТ",6,20,{"$f":"H171*G171","v":120},"450063, г. Уфа, ПАО АНК \"Башнефть\" \"Башнефть-Новойл\""]
["ХозяйственныеИзделия","ПАО АНК \"Башнефть\" \"Башнефть-Новойл\"",4,168,"Черенок","ШТ",92,20,{"$f":"H172*G172","v":1840},"450063, г. Уфа, ПАО АНК \"Башнефть\" \"Башнефть-Новойл\""]
["ХозяйственныеИзделия","ПАО АНК \"Башнефть\" \"Башнефть-Новойл\"",4,169,"Черенок","ШТ",22,20,{"$f":"H173*G173","v":440},"450063, г. Уфа, ПАО АНК \"Башнефть\" \"Башнефть-Новойл\""]
["ХозяйственныеИзделия","ПАО АНК \"Башнефть\" \"Башнефть-Новойл\"",4,170,"Черенок","ШТ",20,20,{"$f":"H174*G174","v":400},"450063, г. Уфа, ПАО АНК \"Башнефть\" \"Башнефть-Новойл\""]
["ХозяйственныеИзделия","ПАО АНК \"Башнефть\" \"Башнефть-Новойл\"",4,171,"Черенок","ШТ",100,20,{"$f":"H175*G175","v":2000},"450063, г. Уфа, ПАО АНК \"Башнефть\" \"Башнефть-Новойл\""]
["ХозяйственныеИзделия","ПАО АНК \"Башнефть\" \"Башнефть-Новойл\"",4,172,"Черенок","ШТ",100,20,{"$f":"H176*G176","v":2000},"450063, г. Уфа, ПАО АНК \"Башнефть\" \"Башнефть-Новойл\""]
["ХозяйственныеИзделия","ПАО АНК \"Башнефть\" \"Башнефть-Новойл\"",4,173,"Черенок","ШТ",100,20,{"$f":"H177*G177","v":2000},"450063, г. Уфа, ПАО АНК \"Башнефть\" \"Башнефть-Новойл\""]
["ХозяйственныеИзделия","ПАО АНК \"Башнефть\" \"Башнефть-Новойл\"",4,174,"Черенок","ШТ",100,20,{"$f":"H178*G178","v":2000},"450063, г. Уфа, ПАО АНК \"Башнефть\" \"Башнефть-Новойл\""]
["ХозяйственныеИзделия","ПАО АНК \"Башнефть\" \"Башнефть-Новойл\"",4,175,"Черенок","ШТ",100,20,{"$f":"H179*G179","v":2000},"450063, г. Уфа, ПАО АНК \"Башнефть\" \"Башнефть-Новойл\""]
["ХозяйственныеИзделия","ПАО АНК \"Башнефть\" \"Башнефть-Новойл\"",4,176,"Черенок","ШТ",100,20,{"$f":"H180*G180","v":2000},"450063, г. Уфа, ПАО АНК \"Башнефть\" \"Башнефть-Новойл\""]
["ХозяйственныеИзделия","ПАО АНК \"Башнефть\" \"Башнефть-Новойл\"",4,177,"Черенок","ШТ",80,20,{"$f":"H181*G181","v":1600},"450063, г. Уфа, ПАО АНК \"Башнефть\" \"Башнефть-Новойл\""]
["ХозяйственныеИзделия","ПАО АНК \"Башнефть\" \"Башнефть-Новойл\"",4,178,"Черенок для граблей","ШТ",60,10,{"$f":"H182*G182","v":600},"450063, г. Уфа, ПАО АНК \"Башнефть\" \"Башнефть-Новойл\""]
["ХозяйственныеИзделия","ПАО АНК \"Башнефть\" \"Башнефть-Новойл\"",4,179,"Черенок для граблей","ШТ",50,10,{"$f":"H183*G183","v":500},"450063, г. Уфа, ПАО АНК \"Башнефть\" \"Башнефть-Новойл\""]
["ХозяйственныеИзделия","ПАО АНК \"Башнефть\" \"Башнефть-Новойл\"",4,180,"Черенок для граблей","ШТ",18,10,{"$f":"H184*G184","v":180},"450063, г. Уфа, ПАО АНК \"Башнефть\" \"Башнефть-Новойл\""]
["ХозяйственныеИзделия","ПАО АНК \"Башнефть\" \"Башнефть-Новойл\"",4,181,"Черенок для граблей","ШТ",10,10,{"$f":"H185*G185","v":100},"450063, г. Уфа, ПАО АНК \"Башнефть\" \"Башнефть-Новойл\""]
["ХозяйственныеИзделия","ПАО АНК \"Башнефть\" \"Башнефть-Новойл\"",4,182,"Черенок для граблей","ШТ",4,10,{"$f":"H186*G186","v":40},"450063, г. Уфа, ПАО АНК \"Башнефть\" \"Башнефть-Новойл\""]
["ХозяйственныеИзделия","ПАО АНК \"Башнефть\" \"Башнефть-Новойл\"",4,183,"Черенок для лопат","ШТ",50,10,{"$f":"H187*G187","v":500},"450063, г. Уфа, ПАО АНК \"Башнефть\" \"Башнефть-Новойл\""]
["ХозяйственныеИзделия","ПАО АНК \"Башнефть\" \"Башнефть-Новойл\"",4,184,"Черенок для лопат","ШТ",10,10,{"$f":"H188*G188","v":100},"450063, г. Уфа, ПАО АНК \"Башнефть\" \"Башнефть-Новойл\""]
["ХозяйственныеИзделия","ПАО АНК \"Башнефть\" \"Башнефть-Новойл\"",4,185,"Черенок для лопат","ШТ",10,10,{"$f":"H189*G189","v":100},"450063, г. Уфа, ПАО АНК \"Башнефть\" \"Башнефть-Новойл\""]
["ХозяйственныеИзделия","ПАО АНК \"Башнефть\" \"Башнефть-Новойл\"",4,186,"Черенок для лопат","ШТ",10,10,{"$f":"H190*G190","v":100},"450063, г. Уфа, ПАО АНК \"Башнефть\" \"Башнефть-Новойл\""]
["ХозяйственныеИзделия","ПАО АНК \"Башнефть\" \"Башнефть-Новойл\"",4,187,"Черенок для лопат","ШТ",10,10,{"$f":"H191*G191","v":100},"450063, г. Уфа, ПАО АНК \"Башнефть\" \"Башнефть-Новойл\""]
["ХозяйственныеИзделия","ПАО АНК \"Башнефть\" \"Башнефть-Новойл\"",4,188,"Черенок для лопат","ШТ",10,10,{"$f":"H192*G192","v":100},"450063, г. Уфа, ПАО АНК \"Башнефть\" \"Башнефть-Новойл\""]
["ХозяйственныеИзделия","ПАО АНК \"Башнефть\" \"Башнефть-Новойл\"",4,189,"Черенок для лопат","ШТ",10,10,{"$f":"H193*G193","v":100},"450063, г. Уфа, ПАО АНК \"Башнефть\" \"Башнефть-Новойл\""]
["ХозяйственныеИзделия","ПАО АНК \"Башнефть\" \"Башнефть-Новойл\"",4,190,"Черенок для лопат","ШТ",2,10,{"$f":"H194*G194","v":20},"450063, г. Уфа, ПАО АНК \"Башнефть\" \"Башнефть-Новойл\""]
["ХозяйственныеИзделия","ПАО АНК \"Башнефть\" \"Башнефть-Новойл\"",4,191,"Швабра для мытья пола пластиковая","ШТ",61,130,{"$f":"H195*G195","v":7930},"450063, г. Уфа, ПАО АНК \"Башнефть\" \"Башнефть-Новойл\""]
["ХозяйственныеИзделия","ПАО АНК \"Башнефть\" \"Башнефть-Новойл\"",4,192,"Швабра для мытья пола пластиковая","ШТ",58,130,{"$f":"H196*G196","v":7540},"450063, г. Уфа, ПАО АНК \"Башнефть\" \"Башнефть-Новойл\""]
["ХозяйственныеИзделия","ПАО АНК \"Башнефть\" \"Башнефть-Новойл\"",4,193,"Швабра для мытья пола пластиковая","ШТ",49,130,{"$f":"H197*G197","v":6370},"450063, г. Уфа, ПАО АНК \"Башнефть\" \"Башнефть-Новойл\""]
["ХозяйственныеИзделия","ПАО АНК \"Башнефть\" \"Башнефть-Новойл\"",4,194,"Швабра для мытья пола пластиковая","ШТ",30,130,{"$f":"H198*G198","v":3900},"450063, г. Уфа, ПАО АНК \"Башнефть\" \"Башнефть-Новойл\""]
["ХозяйственныеИзделия","ПАО АНК \"Башнефть\" \"Башнефть-Новойл\"",4,195,"Швабра для мытья пола пластиковая","ШТ",30,130,{"$f":"H199*G199","v":3900},"450063, г. Уфа, ПАО АНК \"Башнефть\" \"Башнефть-Новойл\""]
["ХозяйственныеИзделия","ПАО АНК \"Башнефть\" \"Башнефть-Новойл\"",4,196,"Швабра для мытья пола пластиковая","ШТ",30,130,{"$f":"H200*G200","v":3900},"450063, г. Уфа, ПАО АНК \"Башнефть\" \"Башнефть-Новойл\""]
["ХозяйственныеИзделия","ПАО АНК \"Башнефть\" \"Башнефть-Новойл\"",4,197,"Швабра для мытья пола пластиковая","ШТ",21,130,{"$f":"H201*G201","v":2730},"450063, г. Уфа, ПАО АНК \"Башнефть\" \"Башнефть-Новойл\""]
["ХозяйственныеИзделия","ПАО АНК \"Башнефть\" \"Башнефть-Новойл\"",4,198,"Швабра для мытья пола пластиковая","ШТ",3,130,{"$f":"H202*G202","v":390},"450063, г. Уфа, ПАО АНК \"Башнефть\" \"Башнефть-Новойл\""]
["ХозяйственныеИзделия","ПАО АНК \"Башнефть\" \"Башнефть-Новойл\"",4,199,"Штатив ШР-160","ШТ",2,1040,{"$f":"H203*G203","v":2080},"450063, г. Уфа, ПАО АНК \"Башнефть\" \"Башнефть-Новойл\""]
["Тонер","ПАО АНК \"Башнефть\" \"Башнефть-Новойл\"",5,200,"Тонер Kyocera Mita КМ-2030 черный","ШТ",5,1180,{"$f":"H204*G204","v":5900},"450063, г. Уфа, ПАО АНК \"Башнефть\" \"Башнефть-Новойл\""]
["Тонер","ПАО АНК \"Башнефть\" \"Башнефть-Новойл\"",5,201,"Тонер Kyocera Mita КМ-2030 черный","ШТ",1,1230,{"$f":"H205*G205","v":1230},"450063, г. Уфа, ПАО АНК \"Башнефть\" \"Башнефть-Новойл\""]
["Тонер","ПАО АНК \"Башнефть\" \"Башнефть-Новойл\"",5,202,"Тонер Kyocera Mita КМ-2030 черный","ШТ",19,1230,{"$f":"H206*G206","v":23370},"450063, г. Уфа, ПАО АНК \"Башнефть\" \"Башнефть-Новойл\""]
["Тонер","ПАО АНК \"Башнефть\" \"Башнефть-Новойл\"",5,203,"Тонер Kyocera Mita КМ-2030 черный","ШТ",2,1290,{"$f":"H207*G207","v":2580},"450063, г. Уфа, ПАО АНК \"Башнефть\" \"Башнефть-Новойл\""]
["Тонер","ПАО АНК \"Башнефть\" \"Башнефть-Новойл\"",5,204,"Тонер Kyocera КМ-1525/1530/2030 черный","ШТ",4,1220,{"$f":"H208*G208","v":4880},"450063, г. Уфа, ПАО АНК \"Башнефть\" \"Башнефть-Новойл\""]
["Тонер","ПАО АНК \"Башнефть\" \"Башнефть-Новойл\"",5,205,"Тонер Kyocera-Mita TK-18/TK-100 290г","ШТ",16,2470,{"$f":"H209*G209","v":39520},"450063, г. Уфа, ПАО АНК \"Башнефть\" \"Башнефть-Новойл\""]
["Тонер","ПАО АНК \"Башнефть\" \"Башнефть-Новойл\"",5,206,"Тонер Ricoh 1A06401","ШТ",6,600,{"$f":"H210*G210","v":3600},"450063, г. Уфа, ПАО АНК \"Башнефть\" \"Башнефть-Новойл\""]
["Тонер","ПАО АНК \"Башнефть\" \"Башнефть-Новойл\"",5,207,"Тонер Ricoh T-1305 черный","ШТ",2,590,{"$f":"H211*G211","v":1180},"450063, г. Уфа, ПАО АНК \"Башнефть\" \"Башнефть-Новойл\""]
["Тонер","ПАО АНК \"Башнефть\" \"Башнефть-Новойл\"",5,208,"Тонер Xerox 006R90099 черный","ШТ",4,2720,{"$f":"H212*G212","v":10880},"450063, г. Уфа, ПАО АНК \"Башнефть\" \"Башнефть-Новойл\""]
["Тонер","ПАО АНК \"Башнефть\" \"Башнефть-Новойл\"",5,209,"Тонер черный Xerox 006R90270","ШТ",2,350,{"$f":"H213*G213","v":700},"450063, г. Уфа, ПАО АНК \"Башнефть\" \"Башнефть-Новойл\""]
["Тонер","ПАО АНК \"Башнефть\" \"Башнефть-Новойл\"",5,210,"Тонер черный Xerox 006R90270","ШТ",2,370,{"$f":"H214*G214","v":740},"450063, г. Уфа, ПАО АНК \"Башнефть\" \"Башнефть-Новойл\""]
["Тонер","ПАО АНК \"Башнефть\" \"Башнефть-Новойл\"",5,211,"Тонер-картридж HP 126A желтый CE312A","ШТ",1,1600,{"$f":"H215*G215","v":1600},"450063, г. Уфа, ПАО АНК \"Башнефть\" \"Башнефть-Новойл\""]
["Тонер","ПАО АНК \"Башнефть\" \"Башнефть-Новойл\"",5,212,"Тонер-картридж LJ 1100 C4092A","ШТ",1,1790,{"$f":"H216*G216","v":1790},"450063, г. Уфа, ПАО АНК \"Башнефть\" \"Башнефть-Новойл\""]
["Тонер","ПАО АНК \"Башнефть\" \"Башнефть-Новойл\"",5,213,"Тонер-картридж LJ 1100 C4092A","ШТ",8,1610,{"$f":"H217*G217","v":12880},"450063, г. Уфа, ПАО АНК \"Башнефть\" \"Башнефть-Новойл\""]
["Тонер","ПАО АНК \"Башнефть\" \"Башнефть-Новойл\"",5,214,"Тонер-картридж LJ 1100 C4092A","ШТ",14,1790,{"$f":"H218*G218","v":25060},"450063, г. Уфа, ПАО АНК \"Башнефть\" \"Башнефть-Новойл\""]
["Тонер","ПАО АНК \"Башнефть\" \"Башнефть-Новойл\"",5,215,"Тонер-картридж LJ 1100 C4092A","ШТ",9,1630,{"$f":"H219*G219","v":14670},"450063, г. Уфа, ПАО АНК \"Башнефть\" \"Башнефть-Новойл\""]
["Тонер","ПАО АНК \"Башнефть\" \"Башнефть-Новойл\"",5,216,"Тонер-картридж Panasonic KX-FA76A","ШТ",2,760,{"$f":"H220*G220","v":1520},"450063, г. Уфа, ПАО АНК \"Башнефть\" \"Башнефть-Новойл\""]
["Тонер","ПАО АНК \"Башнефть\" \"Башнефть-Новойл\"",5,217,"Тонер-картридж Panasonic KX-FAT88A","ШТ",7,760,{"$f":"H221*G221","v":5320},"450063, г. Уфа, ПАО АНК \"Башнефть\" \"Башнефть-Новойл\""]
["Тонер","ПАО АНК \"Башнефть\" \"Башнефть-Новойл\"",5,218,"Тонер-картридж Panasonic KX-FAT88A","ШТ",6,760,{"$f":"H222*G222","v":4560},"450063, г. Уфа, ПАО АНК \"Башнефть\" \"Башнефть-Новойл\""]
["Тонер","ПАО АНК \"Башнефть\" \"Башнефть-Новойл\"",5,219,"Тонер-картридж Panasonic KX-FAT88A","ШТ",7,760,{"$f":"H223*G223","v":5320},"450063, г. Уфа, ПАО АНК \"Башнефть\" \"Башнефть-Новойл\""]
["Тонер","ПАО АНК \"Башнефть\" \"Башнефть-Новойл\"",5,220,"Тонер-картридж Xerox 006R01178","ШТ",1,4660,{"$f":"H224*G224","v":4660},"450063, г. Уфа, ПАО АНК \"Башнефть\" \"Башнефть-Новойл\""]
["Тонер","ПАО АНК \"Башнефть\" \"Башнефть-Новойл\"",5,221,"Тонер-картридж Xerox 006R01178","ШТ",2,4660,{"$f":"H225*G225","v":9320},"450063, г. Уфа, ПАО АНК \"Башнефть\" \"Башнефть-Новойл\""]
["Тонер","ПАО АНК \"Башнефть\" \"Башнефть-Новойл\"",5,222,"Тонер-картридж Xerox 006R01178","ШТ",2,4660,{"$f":"H226*G226","v":9320},"450063, г. Уфа, ПАО АНК \"Башнефть\" \"Башнефть-Новойл\""]
["Тонер","ПАО АНК \"Башнефть\" \"Башнефть-Новойл\"",5,223,"Тонер-картридж XEROX 006R90268","ШТ",14,5860,{"$f":"H227*G227","v":82040},"450063, г. Уфа, ПАО АНК \"Башнефть\" \"Башнефть-Новойл\""]
["Тонер","ПАО АНК \"Башнефть\" \"Башнефть-Новойл\"",5,224,"Тонер-картридж XEROX 006R90268","ШТ",6,5530,{"$f":"H228*G228","v":33180},"450063, г. Уфа, ПАО АНК \"Башнефть\" \"Башнефть-Новойл\""]
["Тонер","ПАО АНК \"Башнефть\" \"Башнефть-Новойл\"",5,225,"Тонер-картридж Xerox 5915 006R01020","ШТ",1,510,{"$f":"H229*G229","v":510},"450063, г. Уфа, ПАО АНК \"Башнефть\" \"Башнефть-Новойл\""]
["Тонер","ПАО АНК \"Башнефть\" \"Башнефть-Новойл\"",5,226,"Тонер-картридж Xerox 5915 006R01020","ШТ",2,510,{"$f":"H230*G230","v":1020},"450063, г. Уфа, ПАО АНК \"Башнефть\" \"Башнефть-Новойл\""]
["Тонер","ПАО АНК \"Башнефть\" \"Башнефть-Новойл\"",5,227,"Тонер-картридж Xerox 5915 006R01020","ШТ",31,510,{"$f":"H231*G231","v":15810},"450063, г. Уфа, ПАО АНК \"Башнефть\" \"Башнефть-Новойл\""]
["Знаки","ПАО АНК \"Башнефть\" \"Башнефть-Новойл\"",6,228,"Знак F 02 Пожарный кран","ШТ",89,19.8,{"$f":"H232*G232","v":1762.2},"450063, г. Уфа, ПАО АНК \"Башнефть\" \"Башнефть-Новойл\""]
["Знаки","ПАО АНК \"Башнефть\" \"Башнефть-Новойл\"",6,229,"Знак F 06 Место разм ср противопож защит","ШТ",131,39.5,{"$f":"H233*G233","v":5174.5},"450063, г. Уфа, ПАО АНК \"Башнефть\" \"Башнефть-Новойл\""]
["Знаки","ПАО АНК \"Башнефть\" \"Башнефть-Новойл\"",6,230,"Знак W05 Радиоактивность 150х150 пл","ШТ",1,10,{"$f":"H234*G234","v":10},"450063, г. Уфа, ПАО АНК \"Башнефть\" \"Башнефть-Новойл\""]
["Знаки","ПАО АНК \"Башнефть\" \"Башнефть-Новойл\"",6,231,"Знак W11 Пожарооп.Окислитель 150х300 пл","ШТ",5,61.3,{"$f":"H235*G235","v":306.5},"450063, г. Уфа, ПАО АНК \"Башнефть\" \"Башнефть-Новойл\""]
["Знаки","ПАО АНК \"Башнефть\" \"Башнефть-Новойл\"",6,232,"Знак Z02 Плакат надп.по заказ.150х300 пл","ШТ",62,34.6,{"$f":"H236*G236","v":2145.2000000000003},"450063, г. Уфа, ПАО АНК \"Башнефть\" \"Башнефть-Новойл\""]
["Знаки","ПАО АНК \"Башнефть\" \"Башнефть-Новойл\"",6,233,"Знак дорожный 1.11.2 Опасный поворот","ШТ",5,1389.9,{"$f":"H237*G237","v":6949.5},"450063, г. Уфа, ПАО АНК \"Башнефть\" \"Башнефть-Новойл\""]
["Знаки","ПАО АНК \"Башнефть\" \"Башнефть-Новойл\"",6,234,"Знак дорожный 1.6 Пересеч.равнозн.дорог","ШТ",19,1186.2,{"$f":"H238*G238","v":22537.8},"450063, г. Уфа, ПАО АНК \"Башнефть\" \"Башнефть-Новойл\""]
["Знаки","ПАО АНК \"Башнефть\" \"Башнефть-Новойл\"",6,235,"Знак дорожный 2.3.1 Пересеч с вт. дорог","ШТ",7,1189.3,{"$f":"H239*G239","v":8325.1},"450063, г. Уфа, ПАО АНК \"Башнефть\" \"Башнефть-Новойл\""]
["Знаки","ПАО АНК \"Башнефть\" \"Башнефть-Новойл\"",6,236,"Знак дорожный 2.7","ШТ",2,1832.7,{"$f":"H240*G240","v":3665.4},"450063, г. Уфа, ПАО АНК \"Башнефть\" \"Башнефть-Новойл\""]
["Знаки","ПАО АНК \"Башнефть\" \"Башнефть-Новойл\"",6,237,"Знак дорожный 4.8.1","ШТ",20,1186.2,{"$f":"H241*G241","v":23724},"450063, г. Уфа, ПАО АНК \"Башнефть\" \"Башнефть-Новойл\""]
["Знаки","ПАО АНК \"Башнефть\" \"Башнефть-Новойл\"",6,238,"Знак дорожный 4.8.2","ШТ",8,1186.2,{"$f":"H242*G242","v":9489.6},"450063, г. Уфа, ПАО АНК \"Башнефть\" \"Башнефть-Новойл\""]
["Знаки","ПАО АНК \"Башнефть\" \"Башнефть-Новойл\"",6,239,"Знак дорожный 6.8.1 Тупик","ШТ",2,1573.7,{"$f":"H243*G243","v":3147.4},"450063, г. Уфа, ПАО АНК \"Башнефть\" \"Башнефть-Новойл\""]
["Знаки","ПАО АНК \"Башнефть\" \"Башнефть-Новойл\"",6,240,"Знак М 03 Работать в защитных наушниках","ШТ",22,24.8,{"$f":"H244*G244","v":545.6},"450063, г. Уфа, ПАО АНК \"Башнефть\" \"Башнефть-Новойл\""]
["Стремянки","ПАО АНК \"Башнефть\" \"Башнефть-Новойл\"",7,241,"Стремянка С1-00","ШТ",7,430,{"$f":"H245*G245","v":3010},"450063, г. Уфа, ПАО АНК \"Башнефть\" \"Башнефть-Новойл\""]
["Стремянки","ПАО АНК \"Башнефть\" \"Башнефть-Новойл\"",7,242,"Стремянка С1-01","ШТ",3,860,{"$f":"H246*G246","v":2580},"450063, г. Уфа, ПАО АНК \"Башнефть\" \"Башнефть-Новойл\""]
["Стремянки","ПАО АНК \"Башнефть\" \"Башнефть-Новойл\"",7,243,"Стремянка С1-01","ШТ",2,3310,{"$f":"H247*G247","v":6620},"450063, г. Уфа, ПАО АНК \"Башнефть\" \"Башнефть-Новойл\""]
["Стремянки","ПАО АНК \"Башнефть\" \"Башнефть-Новойл\"",7,244,"Стремянка С1-03","ШТ",2,1430,{"$f":"H248*G248","v":2860},"450063, г. Уфа, ПАО АНК \"Башнефть\" \"Башнефть-Новойл\""]
["Стремянки","ПАО АНК \"Башнефть\" \"Башнефть-Новойл\"",7,245,"Стремянка С1-03","ШТ",2,1050,{"$f":"H249*G249","v":2100},"450063, г. Уфа, ПАО АНК \"Башнефть\" \"Башнефть-Новойл\""]
["Стремянки","ПАО АНК \"Башнефть\" \"Башнефть-Новойл\"",7,246,"Стремянка С1-04","ШТ",1,860,{"$f":"H250*G250","v":860},"450063, г. Уфа, ПАО АНК \"Башнефть\" \"Башнефть-Новойл\""]
["Стремянки","ПАО АНК \"Башнефть\" \"Башнефть-Новойл\"",7,247,"Стремянка СГ-34","ШТ",12,4410,{"$f":"H251*G251","v":52920},"450063, г. Уфа, ПАО АНК \"Башнефть\" \"Башнефть-Новойл\""]
["Конверты","ПАО АНК \"Башнефть\" \"Башнефть-Новойл\"",8,248,"Конверт 162х229 (упк 50шт)","УПК",3898,2.4,{"$f":"H252*G252","v":9355.1999999999989},"450063, г. Уфа, ПАО АНК \"Башнефть\" \"Башнефть-Новойл\""]
["Конверты","ПАО АНК \"Башнефть\" \"Башнефть-Новойл\"",8,249,"Конверт 162х229 (упк 50шт)","УПК",4000,2.4,{"$f":"H253*G253","v":9600},"450063, г. Уфа, ПАО АНК \"Башнефть\" \"Башнефть-Новойл\""]
["Конверты","ПАО АНК \"Башнефть\" \"Башнефть-Новойл\"",8,250,"Конверт 162х229 (упк 50шт)","УПК",100,2.4,{"$f":"H254*G254","v":240},"450063, г. Уфа, ПАО АНК \"Башнефть\" \"Башнефть-Новойл\""]
["Конверты","ПАО АНК \"Башнефть\" \"Башнефть-Новойл\"",8,251,"Конверт 162х229 (упк 50шт)","УПК",100,2.4,{"$f":"H255*G255","v":240},"450063, г. Уфа, ПАО АНК \"Башнефть\" \"Башнефть-Новойл\""]
["Конверты","ПАО АНК \"Башнефть\" \"Башнефть-Новойл\"",8,252,"Конверт 162х229 (упк 50шт)","УПК",4000,2.4,{"$f":"H256*G256","v":9600},"450063, г. Уфа, ПАО АНК \"Башнефть\" \"Башнефть-Новойл\""]
["Конверты","ПАО АНК \"Башнефть\" \"Башнефть-Новойл\"",8,253,"Конверт 162х229 (упк 50шт)","УПК",4000,2.4,{"$f":"H257*G257","v":9600},"450063, г. Уфа, ПАО АНК \"Башнефть\" \"Башнефть-Новойл\""]
["Конверты","ПАО АНК \"Башнефть\" \"Башнефть-Новойл\"",8,254,"Конверт 162х229 (упк 50шт)","УПК",4000,2.4,{"$f":"H258*G258","v":9600},"450063, г. Уфа, ПАО АНК \"Башнефть\" \"Башнефть-Новойл\""]
["Конверты","ПАО АНК \"Башнефть\" \"Башнефть-Новойл\"",8,255,"Конверт 162х229 (упк 50шт)","УПК",100,2.4,{"$f":"H259*G259","v":240},"450063, г. Уфа, ПАО АНК \"Башнефть\" \"Башнефть-Новойл\""]
["Конверты","ПАО АНК \"Башнефть\" \"Башнефть-Новойл\"",8,256,"Конверт 162х229 (упк 50шт)","УПК",4000,2.4,{"$f":"H260*G260","v":9600},"450063, г. Уфа, ПАО АНК \"Башнефть\" \"Башнефть-Новойл\""]
["Конверты","ПАО АНК \"Башнефть\" \"Башнефть-Новойл\"",8,257,"Конверт 162х229 (упк 50шт)","УПК",4000,2.4,{"$f":"H261*G261","v":9600},"450063, г. Уфа, ПАО АНК \"Башнефть\" \"Башнефть-Новойл\""]
["Конверты","ПАО АНК \"Башнефть\" \"Башнефть-Новойл\"",8,258,"Конверт 162х229 (упк 50шт)","УПК",100,2.4,{"$f":"H262*G262","v":240},"450063, г. Уфа, ПАО АНК \"Башнефть\" \"Башнефть-Новойл\""]
["Конверты","ПАО АНК \"Башнефть\" \"Башнефть-Новойл\"",8,259,"Конверт 162х229 (упк 50шт)","УПК",3900,2.4,{"$f":"H263*G263","v":9360},"450063, г. Уфа, ПАО АНК \"Башнефть\" \"Башнефть-Новойл\""]
["Конверты","ПАО АНК \"Башнефть\" \"Башнефть-Новойл\"",8,260,"Конверт 162х229 (упк 50шт)","УПК",2000,2.4,{"$f":"H264*G264","v":4800},"450063, г. Уфа, ПАО АНК \"Башнефть\" \"Башнефть-Новойл\""]
["Конверты","ПАО АНК \"Башнефть\" \"Башнефть-Новойл\"",8,261,"Конверт 162х229 (упк 50шт)","УПК",2000,2.4,{"$f":"H265*G265","v":4800},"450063, г. Уфа, ПАО АНК \"Башнефть\" \"Башнефть-Новойл\""]
["Конверты","ПАО АНК \"Башнефть\" \"Башнефть-Новойл\"",8,262,"Конверт 162х229 (упк 50шт)","УПК",2000,2.4,{"$f":"H266*G266","v":4800},"450063, г. Уфа, ПАО АНК \"Башнефть\" \"Башнефть-Новойл\""]
["Конверты","ПАО АНК \"Башнефть\" \"Башнефть-Новойл\"",8,263,"Конверт 162х229 (упк 50шт)","УПК",4000,2.4,{"$f":"H267*G267","v":9600},"450063, г. Уфа, ПАО АНК \"Башнефть\" \"Башнефть-Новойл\""]
["Конверты","ПАО АНК \"Башнефть\" \"Башнефть-Новойл\"",8,264,"Конверт 162х229 (упк 50шт)","УПК",4000,2.4,{"$f":"H268*G268","v":9600},"450063, г. Уфа, ПАО АНК \"Башнефть\" \"Башнефть-Новойл\""]
["Конверты","ПАО АНК \"Башнефть\" \"Башнефть-Новойл\"",8,265,"Конверт 162х229 (упк 50шт)","УПК",100,2.4,{"$f":"H269*G269","v":240},"450063, г. Уфа, ПАО АНК \"Башнефть\" \"Башнефть-Новойл\""]
["Конверты","ПАО АНК \"Башнефть\" \"Башнефть-Новойл\"",8,266,"Конверт 162х229 (упк 50шт)","УПК",600,2.4,{"$f":"H270*G270","v":1440},"450063, г. Уфа, ПАО АНК \"Башнефть\" \"Башнефть-Новойл\""]
["Конверты","ПАО АНК \"Башнефть\" \"Башнефть-Новойл\"",8,267,"Конверт DL","ШТ",2000,1.1000000000000001,{"$f":"H271*G271","v":2200},"450063, г. Уфа, ПАО АНК \"Башнефть\" \"Башнефть-Новойл\""]
["Конверты","ПАО АНК \"Башнефть\" \"Башнефть-Новойл\"",8,268,"Конверт DL","ШТ",2000,1.1000000000000001,{"$f":"H272*G272","v":2200},"450063, г. Уфа, ПАО АНК \"Башнефть\" \"Башнефть-Новойл\""]
["Конверты","ПАО АНК \"Башнефть\" \"Башнефть-Новойл\"",8,269,"Конверт DL","ШТ",150,1.1000000000000001,{"$f":"H273*G273","v":165},"450063, г. Уфа, ПАО АНК \"Башнефть\" \"Башнефть-Новойл\""]
["Конверты","ПАО АНК \"Башнефть\" \"Башнефть-Новойл\"",8,270,"Конверт DL","ШТ",50,1.1000000000000001,{"$f":"H274*G274","v":55.000000000000007},"450063, г. Уфа, ПАО АНК \"Башнефть\" \"Башнефть-Новойл\""]
["Конверты","ПАО АНК \"Башнефть\" \"Башнефть-Новойл\"",8,271,"Конверт DL","ШТ",150,1.1000000000000001,{"$f":"H275*G275","v":165},"450063, г. Уфа, ПАО АНК \"Башнефть\" \"Башнефть-Новойл\""]
["Конверты","ПАО АНК \"Башнефть\" \"Башнефть-Новойл\"",8,272,"Конверт DL","ШТ",4500,1.1000000000000001,{"$f":"H276*G276","v":4950},"450063, г. Уфа, ПАО АНК \"Башнефть\" \"Башнефть-Новойл\""]
["Конверты","ПАО АНК \"Башнефть\" \"Башнефть-Новойл\"",8,273,"Конверт DL","ШТ",2005,1.1000000000000001,{"$f":"H277*G277","v":2205.5},"450063, г. Уфа, ПАО АНК \"Башнефть\" \"Башнефть-Новойл\""]
["Конверты","ПАО АНК \"Башнефть\" \"Башнефть-Новойл\"",8,274,"Конверт DL","ШТ",4000,1.1000000000000001,{"$f":"H278*G278","v":4400},"450063, г. Уфа, ПАО АНК \"Башнефть\" \"Башнефть-Новойл\""]
["Конверты","ПАО АНК \"Башнефть\" \"Башнефть-Новойл\"",8,275,"Конверт DL","ШТ",2000,1.1000000000000001,{"$f":"H279*G279","v":2200},"450063, г. Уфа, ПАО АНК \"Башнефть\" \"Башнефть-Новойл\""]
["Конверты","ПАО АНК \"Башнефть\" \"Башнефть-Новойл\"",8,276,"Конверт DL","ШТ",160,1.1000000000000001,{"$f":"H280*G280","v":176},"450063, г. Уфа, ПАО АНК \"Башнефть\" \"Башнефть-Новойл\""]
["Конверты","ПАО АНК \"Башнефть\" \"Башнефть-Новойл\"",8,277,"Конверт DL","ШТ",4000,1.1000000000000001,{"$f":"H281*G281","v":4400},"450063, г. Уфа, ПАО АНК \"Башнефть\" \"Башнефть-Новойл\""]
["Конверты","ПАО АНК \"Башнефть\" \"Башнефть-Новойл\"",8,278,"Конверт DL","ШТ",4000,1.1000000000000001,{"$f":"H282*G282","v":4400},"450063, г. Уфа, ПАО АНК \"Башнефть\" \"Башнефть-Новойл\""]
["Конверты","ПАО АНК \"Башнефть\" \"Башнефть-Новойл\"",8,279,"Конверт DL","ШТ",4000,1.1000000000000001,{"$f":"H283*G283","v":4400},"450063, г. Уфа, ПАО АНК \"Башнефть\" \"Башнефть-Новойл\""]
["Конверты","ПАО АНК \"Башнефть\" \"Башнефть-Новойл\"",8,280,"Конверт DL","ШТ",4000,1.1000000000000001,{"$f":"H284*G284","v":4400},"450063, г. Уфа, ПАО АНК \"Башнефть\" \"Башнефть-Новойл\""]
["Конверты","ПАО АНК \"Башнефть\" \"Башнефть-Новойл\"",8,281,"Конверт DL","ШТ",4000,1.1000000000000001,{"$f":"H285*G285","v":4400},"450063, г. Уфа, ПАО АНК \"Башнефть\" \"Башнефть-Новойл\""]
["Конверты","ПАО АНК \"Башнефть\" \"Башнефть-Новойл\"",8,282,"Конверт DL","ШТ",4000,1.1000000000000001,{"$f":"H286*G286","v":4400},"450063, г. Уфа, ПАО АНК \"Башнефть\" \"Башнефть-Новойл\""]
["Конверты","ПАО АНК \"Башнефть\" \"Башнефть-Новойл\"",8,283,"Конверт DL","ШТ",3000,1.1000000000000001,{"$f":"H287*G287","v":3300.0000000000005},"450063, г. Уфа, ПАО АНК \"Башнефть\" \"Башнефть-Новойл\""]
["Конверты","ПАО АНК \"Башнефть\" \"Башнефть-Новойл\"",8,284,"Конверт DL","ШТ",4000,1.1000000000000001,{"$f":"H288*G288","v":4400},"450063, г. Уфа, ПАО АНК \"Башнефть\" \"Башнефть-Новойл\""]
["Конверты","ПАО АНК \"Башнефть\" \"Башнефть-Новойл\"",8,285,"Конверт DL","ШТ",4000,1.1000000000000001,{"$f":"H289*G289","v":4400},"450063, г. Уфа, ПАО АНК \"Башнефть\" \"Башнефть-Новойл\""]
["Конверты","ПАО АНК \"Башнефть\" \"Башнефть-Новойл\"",8,286,"Конверт DL","ШТ",4000,1.1000000000000001,{"$f":"H290*G290","v":4400},"450063, г. Уфа, ПАО АНК \"Башнефть\" \"Башнефть-Новойл\""]
["Конверты","ПАО АНК \"Башнефть\" \"Башнефть-Новойл\"",8,287,"Конверт DL","ШТ",4000,1.1000000000000001,{"$f":"H291*G291","v":4400},"450063, г. Уфа, ПАО АНК \"Башнефть\" \"Башнефть-Новойл\""]
["Конверты","ПАО АНК \"Башнефть\" \"Башнефть-Новойл\"",8,288,"Конверт DL","ШТ",4000,1.1000000000000001,{"$f":"H292*G292","v":4400},"450063, г. Уфа, ПАО АНК \"Башнефть\" \"Башнефть-Новойл\""]
["Конверты","ПАО АНК \"Башнефть\" \"Башнефть-Новойл\"",8,289,"Конверт DL","ШТ",4000,1.1000000000000001,{"$f":"H293*G293","v":4400},"450063, г. Уфа, ПАО АНК \"Башнефть\" \"Башнефть-Новойл\""]
["Конверты","ПАО АНК \"Башнефть\" \"Башнефть-Новойл\"",8,290,"Конверт DL","ШТ",4000,1.1000000000000001,{"$f":"H294*G294","v":4400},"450063, г. Уфа, ПАО АНК \"Башнефть\" \"Башнефть-Новойл\""]
["Конверты","ПАО АНК \"Башнефть\" \"Башнефть-Новойл\"",8,291,"Конверт DL","ШТ",4000,1.1000000000000001,{"$f":"H295*G295","v":4400},"450063, г. Уфа, ПАО АНК \"Башнефть\" \"Башнефть-Новойл\""]
["Конверты","ПАО АНК \"Башнефть\" \"Башнефть-Новойл\"",8,292,"Конверт DL","ШТ",4000,1.1000000000000001,{"$f":"H296*G296","v":4400},"450063, г. Уфа, ПАО АНК \"Башнефть\" \"Башнефть-Новойл\""]
["Конверты","ПАО АНК \"Башнефть\" \"Башнефть-Новойл\"",8,293,"Конверт DL","ШТ",2000,1.1000000000000001,{"$f":"H297*G297","v":2200},"450063, г. Уфа, ПАО АНК \"Башнефть\" \"Башнефть-Новойл\""]
["Конверты","ПАО АНК \"Башнефть\" \"Башнефть-Новойл\"",8,294,"Конверт DL","ШТ",10711,1.1000000000000001,{"$f":"H298*G298","v":11782.1},"450063, г. Уфа, ПАО АНК \"Башнефть\" \"Башнефть-Новойл\""]
["Конверты","ПАО АНК \"Башнефть\" \"Башнефть-Новойл\"",8,295,"Конверт ForPost C4 (229x324 мм) белый","ШТ",1750,4.3,{"$f":"H299*G299","v":7525},"450063, г. Уфа, ПАО АНК \"Башнефть\" \"Башнефть-Новойл\""]
["Конверты","ПАО АНК \"Башнефть\" \"Башнефть-Новойл\"",8,296,"Конверт С5 к/к","ШТ",4000,1.4,{"$f":"H300*G300","v":5600},"450063, г. Уфа, ПАО АНК \"Башнефть\" \"Башнефть-Новойл\""]
["Конверты","ПАО АНК \"Башнефть\" \"Башнефть-Новойл\"",8,297,"Конверт С5 к/к","ШТ",4000,1.4,{"$f":"H301*G301","v":5600},"450063, г. Уфа, ПАО АНК \"Башнефть\" \"Башнефть-Новойл\""]
["Конверты","ПАО АНК \"Башнефть\" \"Башнефть-Новойл\"",8,298,"Конверт С5 к/к","ШТ",100,1.4,{"$f":"H302*G302","v":140},"450063, г. Уфа, ПАО АНК \"Башнефть\" \"Башнефть-Новойл\""]
["Конверты","ПАО АНК \"Башнефть\" \"Башнефть-Новойл\"",8,299,"Конверт С5 к/к","ШТ",4000,1.4,{"$f":"H303*G303","v":5600},"450063, г. Уфа, ПАО АНК \"Башнефть\" \"Башнефть-Новойл\""]
["Конверты","ПАО АНК \"Башнефть\" \"Башнефть-Новойл\"",8,300,"Конверт С5 к/к","ШТ",4000,1.4,{"$f":"H304*G304","v":5600},"450063, г. Уфа, ПАО АНК \"Башнефть\" \"Башнефть-Новойл\""]
["Конверты","ПАО АНК \"Башнефть\" \"Башнефть-Новойл\"",8,301,"Конверт С5 к/к","ШТ",100,1.4,{"$f":"H305*G305","v":140},"450063, г. Уфа, ПАО АНК \"Башнефть\" \"Башнефть-Новойл\""]
["Маркировка","ПАО АНК \"Башнефть\" \"Башнефть-Новойл\"",9,302,"Маркировка Phoenix Contact 0819411","ШТ",2,147.4,{"$f":"H306*G306","v":294.8},"450063, г. Уфа, ПАО АНК \"Башнефть\" \"Башнефть-Новойл\""]
["Маркировка","ПАО АНК \"Башнефть\" \"Башнефть-Новойл\"",9,303,"Маркировка Phoenix Contact 0819411","ШТ",2,147.4,{"$f":"H307*G307","v":294.8},"450063, г. Уфа, ПАО АНК \"Башнефть\" \"Башнефть-Новойл\""]
["Маркировка","ПАО АНК \"Башнефть\" \"Башнефть-Новойл\"",9,304,"Маркировка Phoenix Contact 1050020:0011","ШТ",1,39.700000000000003,{"$f":"H308*G308","v":39.700000000000003},"450063, г. Уфа, ПАО АНК \"Башнефть\" \"Башнефть-Новойл\""]
["Маркировка","ПАО АНК \"Башнефть\" \"Башнефть-Новойл\"",9,305,"Маркировка Phoenix Contact 1050020:0011","ШТ",9,39.700000000000003,{"$f":"H309*G309","v":357.3},"450063, г. Уфа, ПАО АНК \"Башнефть\" \"Башнефть-Новойл\""]
["Маркировка","ПАО АНК \"Башнефть\" \"Башнефть-Новойл\"",9,306,"Маркировка Phoenix Contact 1050020:0011","ШТ",11,39.700000000000003,{"$f":"H310*G310","v":436.70000000000005},"450063, г. Уфа, ПАО АНК \"Башнефть\" \"Башнефть-Новойл\""]
["Маркировка","ПАО АНК \"Башнефть\" \"Башнефть-Новойл\"",9,307,"Маркировка Phoenix Contact 1050020:0011","ШТ",20,39.700000000000003,{"$f":"H311*G311","v":794},"450063, г. Уфа, ПАО АНК \"Башнефть\" \"Башнефть-Новойл\""]
["Маркировка","ПАО АНК \"Башнефть\" \"Башнефть-Новойл\"",9,308,"Маркировка Phoenix Contact 1050020:0011","ШТ",6,39.700000000000003,{"$f":"H312*G312","v":238.20000000000002},"450063, г. Уфа, ПАО АНК \"Башнефть\" \"Башнефть-Новойл\""]
["Маркировка","ПАО АНК \"Башнефть\" \"Башнефть-Новойл\"",9,309,"Маркировка Phoenix Contact 1050020:0031","ШТ",1,39.700000000000003,{"$f":"H313*G313","v":39.700000000000003},"450063, г. Уфа, ПАО АНК \"Башнефть\" \"Башнефть-Новойл\""]
["Маркировка","ПАО АНК \"Башнефть\" \"Башнефть-Новойл\"",9,310,"Маркировка Phoenix Contact 1050020:0031","ШТ",20,39.700000000000003,{"$f":"H314*G314","v":794},"450063, г. Уфа, ПАО АНК \"Башнефть\" \"Башнефть-Новойл\""]
["Маркировка","ПАО АНК \"Башнефть\" \"Башнефть-Новойл\"",9,311,"Маркировка Phoenix Contact 1050020:0031","ШТ",6,39.700000000000003,{"$f":"H315*G315","v":238.20000000000002},"450063, г. Уфа, ПАО АНК \"Башнефть\" \"Башнефть-Новойл\""]
["Маркировка","ПАО АНК \"Башнефть\" \"Башнефть-Новойл\"",9,312,"Маркировка Phoenix Contact 1050020:0031","ШТ",10,39.700000000000003,{"$f":"H316*G316","v":397},"450063, г. Уфа, ПАО АНК \"Башнефть\" \"Башнефть-Новойл\""]
["Маркировка","ПАО АНК \"Башнефть\" \"Башнефть-Новойл\"",9,313,"Маркировка Phoenix Contact 1050020:0031","ШТ",2,39.700000000000003,{"$f":"H317*G317","v":79.400000000000006},"450063, г. Уфа, ПАО АНК \"Башнефть\" \"Башнефть-Новойл\""]
["Маркировка","ПАО АНК \"Башнефть\" \"Башнефть-Новойл\"",9,314,"Маркировка Phoenix Contact 1050020:0031","ШТ",10,39.700000000000003,{"$f":"H318*G318","v":397},"450063, г. Уфа, ПАО АНК \"Башнефть\" \"Башнефть-Новойл\""]
["Маркировка","ПАО АНК \"Башнефть\" \"Башнефть-Новойл\"",9,315,"Маркировка Phoenix Contact 1050020:0071","ШТ",31,39.700000000000003,{"$f":"H319*G319","v":1230.7},"450063, г. Уфа, ПАО АНК \"Башнефть\" \"Башнефть-Новойл\""]
["Маркировка","ПАО АНК \"Башнефть\" \"Башнефть-Новойл\"",9,316,"Маркировка Phoenix Contact 1050020:0071","ШТ",6,39.700000000000003,{"$f":"H320*G320","v":238.20000000000002},"450063, г. Уфа, ПАО АНК \"Башнефть\" \"Башнефть-Новойл\""]
["Маркировка","ПАО АНК \"Башнефть\" \"Башнефть-Новойл\"",9,317,"Маркировка Phoenix Contact 1050020:0071","ШТ",10,39.700000000000003,{"$f":"H321*G321","v":397},"450063, г. Уфа, ПАО АНК \"Башнефть\" \"Башнефть-Новойл\""]
["Маркировка","ПАО АНК \"Башнефть\" \"Башнефть-Новойл\"",9,318,"Маркировка Phoenix Contact 1050020:0071","ШТ",10,39.700000000000003,{"$f":"H322*G322","v":397},"450063, г. Уфа, ПАО АНК \"Башнефть\" \"Башнефть-Новойл\""]
["Маркировка","ПАО АНК \"Башнефть\" \"Башнефть-Новойл\"",9,319,"Маркировка Phoenix Contact 1052028:0001","ШТ",1,39.700000000000003,{"$f":"H323*G323","v":39.700000000000003},"450063, г. Уфа, ПАО АНК \"Башнефть\" \"Башнефть-Новойл\""]
["Маркировка","ПАО АНК \"Башнефть\" \"Башнефть-Новойл\"",9,320,"Маркировка Phoenix Contact 1052028:0001","ШТ",1,39.700000000000003,{"$f":"H324*G324","v":39.700000000000003},"450063, г. Уфа, ПАО АНК \"Башнефть\" \"Башнефть-Новойл\""]
["Маркировка","ПАО АНК \"Башнефть\" \"Башнефть-Новойл\"",9,321,"Маркировка Phoenix Contact 1052028:0001","ШТ",10,39.700000000000003,{"$f":"H325*G325","v":397},"450063, г. Уфа, ПАО АНК \"Башнефть\" \"Башнефть-Новойл\""]
["Маркировка","ПАО АНК \"Башнефть\" \"Башнефть-Новойл\"",9,322,"Маркировка Phoenix Contact 1052028:0001","ШТ",2,39.700000000000003,{"$f":"H326*G326","v":79.400000000000006},"450063, г. Уфа, ПАО АНК \"Башнефть\" \"Башнефть-Новойл\""]
["Маркировка","ПАО АНК \"Башнефть\" \"Башнефть-Новойл\"",9,323,"Маркировка Phoenix Contact KLM-A 1004348","ШТ",10,37.200000000000003,{"$f":"H327*G327","v":372},"450063, г. Уфа, ПАО АНК \"Башнефть\" \"Башнефть-Новойл\""]
["Маркировка","ПАО АНК \"Башнефть\" \"Башнефть-Новойл\"",9,324,"Маркировка Phoenix Contact KLM-A 1004348","ШТ",100,37.200000000000003,{"$f":"H328*G328","v":3720.0000000000005},"450063, г. Уфа, ПАО АНК \"Башнефть\" \"Башнефть-Новойл\""]
["Маркировка","ПАО АНК \"Башнефть\" \"Башнефть-Новойл\"",9,325,"Маркировка Phoenix Contact KLM-A 1004348","ШТ",600,37.200000000000003,{"$f":"H329*G329","v":22320},"450063, г. Уфа, ПАО АНК \"Башнефть\" \"Башнефть-Новойл\""]
["Маркировка","ПАО АНК \"Башнефть\" \"Башнефть-Новойл\"",9,326,"Маркировка Phoenix Contact KLM-A 1004348","ШТ",4,37.200000000000003,{"$f":"H330*G330","v":148.80000000000001},"450063, г. Уфа, ПАО АНК \"Башнефть\" \"Башнефть-Новойл\""]
["Маркировка","ПАО АНК \"Башнефть\" \"Башнефть-Новойл\"",9,327,"Маркировка Phoenix Contact P/n 0807575","ШТ",3,15.8,{"$f":"H331*G331","v":47.400000000000006},"450063, г. Уфа, ПАО АНК \"Башнефть\" \"Башнефть-Новойл\""]
["Маркировка","ПАО АНК \"Башнефть\" \"Башнефть-Новойл\"",9,328,"Маркировка Phoenix Contact P/n 0807575","ШТ",3,15.8,{"$f":"H332*G332","v":47.400000000000006},"450063, г. Уфа, ПАО АНК \"Башнефть\" \"Башнефть-Новойл\""]
["Маркировка","ПАО АНК \"Башнефть\" \"Башнефть-Новойл\"",9,329,"Маркировка Phoenix Contact P/n 0807575","ШТ",6,15.8,{"$f":"H333*G333","v":94.800000000000011},"450063, г. Уфа, ПАО АНК \"Башнефть\" \"Башнефть-Новойл\""]
["Маркировка","ПАО АНК \"Башнефть\" \"Башнефть-Новойл\"",9,330,"Маркировка Phoenix Contact P/n 0807575","ШТ",300,15.8,{"$f":"H334*G334","v":4740},"450063, г. Уфа, ПАО АНК \"Башнефть\" \"Башнефть-Новойл\""]
["Маркировка","ПАО АНК \"Башнефть\" \"Башнефть-Новойл\"",9,331,"Маркировка Phoenix Contact P/n 0808257","ШТ",10,360.4,{"$f":"H335*G335","v":3604},"450063, г. Уфа, ПАО АНК \"Башнефть\" \"Башнефть-Новойл\""]
["Маркировка","ПАО АНК \"Башнефть\" \"Башнефть-Новойл\"",9,332,"Маркировка Phoenix Contact P/n 1050004","ШТ",2,14.8,{"$f":"H336*G336","v":29.6},"450063, г. Уфа, ПАО АНК \"Башнефть\" \"Башнефть-Новойл\""]
["Маркировка","ПАО АНК \"Башнефть\" \"Башнефть-Новойл\"",9,333,"Маркировка ZB10 QR 1053027:0011 (11-20)","ШТ",10,62.6,{"$f":"H337*G337","v":626},"450063, г. Уфа, ПАО АНК \"Башнефть\" \"Башнефть-Новойл\""]
["Маркировка","ПАО АНК \"Башнефть\" \"Башнефть-Новойл\"",9,334,"Маркировка ZB15:UNBEDRUCKT 0811972","ШТ",10,12.5,{"$f":"H338*G338","v":125},"450063, г. Уфа, ПАО АНК \"Башнефть\" \"Башнефть-Новойл\""]
["Маркировка","ПАО АНК \"Башнефть\" \"Башнефть-Новойл\"",9,335,"Маркировка ZB5 QR 1050020:0001 (1-10)","ШТ",11,39.700000000000003,{"$f":"H339*G339","v":436.70000000000005},"450063, г. Уфа, ПАО АНК \"Башнефть\" \"Башнефть-Новойл\""]
["Маркировка","ПАО АНК \"Башнефть\" \"Башнефть-Новойл\"",9,336,"Маркировка ZB5 QR 1050020:0001 (1-10)","ШТ",10,39.700000000000003,{"$f":"H340*G340","v":397},"450063, г. Уфа, ПАО АНК \"Башнефть\" \"Башнефть-Новойл\""]
["Маркировка","ПАО АНК \"Башнефть\" \"Башнефть-Новойл\"",9,337,"Маркировка ZB5 QR 1050020:0001 (1-10)","ШТ",6,39.700000000000003,{"$f":"H341*G341","v":238.20000000000002},"450063, г. Уфа, ПАО АНК \"Башнефть\" \"Башнефть-Новойл\""]
["Маркировка","ПАО АНК \"Башнефть\" \"Башнефть-Новойл\"",9,338,"Маркировка ZB5 QR 1050020:0021 (21-30)","ШТ",1,26.5,{"$f":"H342*G342","v":26.5},"450063, г. Уфа, ПАО АНК \"Башнефть\" \"Башнефть-Новойл\""]
["Маркировка","ПАО АНК \"Башнефть\" \"Башнефть-Новойл\"",9,339,"Маркировка ZB5 QR 1050020:0021 (21-30)","ШТ",6,26.5,{"$f":"H343*G343","v":159},"450063, г. Уфа, ПАО АНК \"Башнефть\" \"Башнефть-Новойл\""]
["Маркировка","ПАО АНК \"Башнефть\" \"Башнефть-Новойл\"",9,340,"Маркировка ZB5 QR 1050020:0021 (21-30)","ШТ",10,26.5,{"$f":"H344*G344","v":265},"450063, г. Уфа, ПАО АНК \"Башнефть\" \"Башнефть-Новойл\""]
["Маркировка","ПАО АНК \"Башнефть\" \"Башнефть-Новойл\"",9,341,"Маркировка ZB5 QR 1050020:0021 (21-30)","ШТ",2,26.5,{"$f":"H345*G345","v":53},"450063, г. Уфа, ПАО АНК \"Башнефть\" \"Башнефть-Новойл\""]
["Маркировка","ПАО АНК \"Башнефть\" \"Башнефть-Новойл\"",9,342,"Маркировка ZB5 QR 1050020:0021 (21-30)","ШТ",10,26.5,{"$f":"H346*G346","v":265},"450063, г. Уфа, ПАО АНК \"Башнефть\" \"Башнефть-Новойл\""]
["Маркировка","ПАО АНК \"Башнефть\" \"Башнефть-Новойл\"",9,343,"Маркировка ZB5 QR 1050020:0041 (41-50)","ШТ",1,39.700000000000003,{"$f":"H347*G347","v":39.700000000000003},"450063, г. Уфа, ПАО АНК \"Башнефть\" \"Башнефть-Новойл\""]
["Маркировка","ПАО АНК \"Башнефть\" \"Башнефть-Новойл\"",9,344,"Маркировка ZB5 QR 1050020:0041 (41-50)","ШТ",40,39.700000000000003,{"$f":"H348*G348","v":1588},"450063, г. Уфа, ПАО АНК \"Башнефть\" \"Башнефть-Новойл\""]
["Маркировка","ПАО АНК \"Башнефть\" \"Башнефть-Новойл\"",9,345,"Маркировка ZB5 QR 1050020:0041 (41-50)","ШТ",6,39.700000000000003,{"$f":"H349*G349","v":238.20000000000002},"450063, г. Уфа, ПАО АНК \"Башнефть\" \"Башнефть-Новойл\""]
["Маркировка","ПАО АНК \"Башнефть\" \"Башнефть-Новойл\"",9,346,"Маркировка ZB5 QR 1050020:0041 (41-50)","ШТ",10,39.700000000000003,{"$f":"H350*G350","v":397},"450063, г. Уфа, ПАО АНК \"Башнефть\" \"Башнефть-Новойл\""]
["Маркировка","ПАО АНК \"Башнефть\" \"Башнефть-Новойл\"",9,347,"Маркировка ZB5 QR 1050020:0041 (41-50)","ШТ",2,39.700000000000003,{"$f":"H351*G351","v":79.400000000000006},"450063, г. Уфа, ПАО АНК \"Башнефть\" \"Башнефть-Новойл\""]
["Маркировка","ПАО АНК \"Башнефть\" \"Башнефть-Новойл\"",9,348,"Маркировка ZB5 QR 1050020:0041 (41-50)","ШТ",10,39.700000000000003,{"$f":"H352*G352","v":397},"450063, г. Уфа, ПАО АНК \"Башнефть\" \"Башнефть-Новойл\""]
["Маркировка","ПАО АНК \"Башнефть\" \"Башнефть-Новойл\"",9,349,"Маркировка ZB5 QR 1050020:0051 (51-60)","ШТ",6,26.5,{"$f":"H353*G353","v":159},"450063, г. Уфа, ПАО АНК \"Башнефть\" \"Башнефть-Новойл\""]
["Маркировка","ПАО АНК \"Башнефть\" \"Башнефть-Новойл\"",9,350,"Маркировка ZB5 QR 1050020:0051 (51-60)","ШТ",10,26.5,{"$f":"H354*G354","v":265},"450063, г. Уфа, ПАО АНК \"Башнефть\" \"Башнефть-Новойл\""]
["Маркировка","ПАО АНК \"Башнефть\" \"Башнефть-Новойл\"",9,351,"Маркировка ZB5 QR 1050020:0051 (51-60)","ШТ",10,26.5,{"$f":"H355*G355","v":265},"450063, г. Уфа, ПАО АНК \"Башнефть\" \"Башнефть-Новойл\""]
["Маркировка","ПАО АНК \"Башнефть\" \"Башнефть-Новойл\"",9,352,"Маркировка ZB5 QR 1050020:0061 (61-70)","ШТ",20,26.5,{"$f":"H356*G356","v":530},"450063, г. Уфа, ПАО АНК \"Башнефть\" \"Башнефть-Новойл\""]
["Маркировка","ПАО АНК \"Башнефть\" \"Башнефть-Новойл\"",9,353,"Маркировка ZB5 QR 1050020:0061 (61-70)","ШТ",6,26.5,{"$f":"H357*G357","v":159},"450063, г. Уфа, ПАО АНК \"Башнефть\" \"Башнефть-Новойл\""]
["Маркировка","ПАО АНК \"Башнефть\" \"Башнефть-Новойл\"",9,354,"Маркировка ZB5 QR 1050020:0061 (61-70)","ШТ",10,26.5,{"$f":"H358*G358","v":265},"450063, г. Уфа, ПАО АНК \"Башнефть\" \"Башнефть-Новойл\""]
["Маркировка","ПАО АНК \"Башнефть\" \"Башнефть-Новойл\"",9,355,"Маркировка ZB5 QR 1050020:0061 (61-70)","ШТ",10,26.5,{"$f":"H359*G359","v":265},"450063, г. Уфа, ПАО АНК \"Башнефть\" \"Башнефть-Новойл\""]
["Маркировка","ПАО АНК \"Башнефть\" \"Башнефть-Новойл\"",9,356,"Маркировка ZB5 QR 1050020:0081 (81-90)","ШТ",10,26.5,{"$f":"H360*G360","v":265},"450063, г. Уфа, ПАО АНК \"Башнефть\" \"Башнефть-Новойл\""]
["Маркировка","ПАО АНК \"Башнефть\" \"Башнефть-Новойл\"",9,357,"Маркировка ZB5 QR 1050020:0081 (81-90)","ШТ",6,26.5,{"$f":"H361*G361","v":159},"450063, г. Уфа, ПАО АНК \"Башнефть\" \"Башнефть-Новойл\""]
["Маркировка","ПАО АНК \"Башнефть\" \"Башнефть-Новойл\"",9,358,"Маркировка ZB5 QR 1050020:0081 (81-90)","ШТ",10,26.5,{"$f":"H362*G362","v":265},"450063, г. Уфа, ПАО АНК \"Башнефть\" \"Башнефть-Новойл\""]
["Маркировка","ПАО АНК \"Башнефть\" \"Башнефть-Новойл\"",9,359,"Маркировка ZB5 QR 1050020:0081 (81-90)","ШТ",10,26.5,{"$f":"H363*G363","v":265},"450063, г. Уфа, ПАО АНК \"Башнефть\" \"Башнефть-Новойл\""]
["Маркировка","ПАО АНК \"Башнефть\" \"Башнефть-Новойл\"",9,360,"Маркировка ZB5 QR 1050020:0091 (91-100)","ШТ",11,26.5,{"$f":"H364*G364","v":291.5},"450063, г. Уфа, ПАО АНК \"Башнефть\" \"Башнефть-Новойл\""]
["Маркировка","ПАО АНК \"Башнефть\" \"Башнефть-Новойл\"",9,361,"Маркировка ZB5 QR 1050020:0091 (91-100)","ШТ",6,26.5,{"$f":"H365*G365","v":159},"450063, г. Уфа, ПАО АНК \"Башнефть\" \"Башнефть-Новойл\""]
["Маркировка","ПАО АНК \"Башнефть\" \"Башнефть-Новойл\"",9,362,"Маркировка ZB5 QR 1050020:0091 (91-100)","ШТ",10,26.5,{"$f":"H366*G366","v":265},"450063, г. Уфа, ПАО АНК \"Башнефть\" \"Башнефть-Новойл\""]
["Маркировка","ПАО АНК \"Башнефть\" \"Башнефть-Новойл\"",9,363,"Маркировка ZB5 QR 1050020:0091 (91-100)","ШТ",10,26.5,{"$f":"H367*G367","v":265},"450063, г. Уфа, ПАО АНК \"Башнефть\" \"Башнефть-Новойл\""]
["Маркировка","ПАО АНК \"Башнефть\" \"Башнефть-Новойл\"",9,364,"Маркировка ZB5 QR 1050020:0101 (101-110)","ШТ",6,39.700000000000003,{"$f":"H368*G368","v":238.20000000000002},"450063, г. Уфа, ПАО АНК \"Башнефть\" \"Башнефть-Новойл\""]
["Маркировка","ПАО АНК \"Башнефть\" \"Башнефть-Новойл\"",9,365,"Маркировка ZB5 QR 1050020:0101 (101-110)","ШТ",10,39.700000000000003,{"$f":"H369*G369","v":397},"450063, г. Уфа, ПАО АНК \"Башнефть\" \"Башнефть-Новойл\""]
["Маркировка","ПАО АНК \"Башнефть\" \"Башнефть-Новойл\"",9,366,"Маркировка ZB5 QR 1050020:0111 (111-120)","ШТ",20,26.5,{"$f":"H370*G370","v":530},"450063, г. Уфа, ПАО АНК \"Башнефть\" \"Башнефть-Новойл\""]
["Маркировка","ПАО АНК \"Башнефть\" \"Башнефть-Новойл\"",9,367,"Маркировка ZB5 QR 1050020:0111 (111-120)","ШТ",6,26.5,{"$f":"H371*G371","v":159},"450063, г. Уфа, ПАО АНК \"Башнефть\" \"Башнефть-Новойл\""]
["Маркировка","ПАО АНК \"Башнефть\" \"Башнефть-Новойл\"",9,368,"Маркировка ZB5 QR 1050020:0111 (111-120)","ШТ",10,26.5,{"$f":"H372*G372","v":265},"450063, г. Уфа, ПАО АНК \"Башнефть\" \"Башнефть-Новойл\""]
["Маркировка","ПАО АНК \"Башнефть\" \"Башнефть-Новойл\"",9,369,"Маркировка ZB5 QR 1050020:0121 (121-130)","ШТ",20,26.5,{"$f":"H373*G373","v":530},"450063, г. Уфа, ПАО АНК \"Башнефть\" \"Башнефть-Новойл\""]
["Маркировка","ПАО АНК \"Башнефть\" \"Башнефть-Новойл\"",9,370,"Маркировка ZB5 QR 1050020:0121 (121-130)","ШТ",6,26.5,{"$f":"H374*G374","v":159},"450063, г. Уфа, ПАО АНК \"Башнефть\" \"Башнефть-Новойл\""]
["Маркировка","ПАО АНК \"Башнефть\" \"Башнефть-Новойл\"",9,371,"Маркировка ZB5 QR 1050020:0121 (121-130)","ШТ",10,26.5,{"$f":"H375*G375","v":265},"450063, г. Уфа, ПАО АНК \"Башнефть\" \"Башнефть-Новойл\""]
["Маркировка","ПАО АНК \"Башнефть\" \"Башнефть-Новойл\"",9,372,"Маркировка ZB5 QR 1050020:0131 (131-140)","ШТ",20,26.5,{"$f":"H376*G376","v":530},"450063, г. Уфа, ПАО АНК \"Башнефть\" \"Башнефть-Новойл\""]
["Маркировка","ПАО АНК \"Башнефть\" \"Башнефть-Новойл\"",9,373,"Маркировка ZB5 QR 1050020:0131 (131-140)","ШТ",6,26.5,{"$f":"H377*G377","v":159},"450063, г. Уфа, ПАО АНК \"Башнефть\" \"Башнефть-Новойл\""]
["Маркировка","ПАО АНК \"Башнефть\" \"Башнефть-Новойл\"",9,374,"Маркировка ZB5 QR 1050020:0131 (131-140)","ШТ",10,26.5,{"$f":"H378*G378","v":265},"450063, г. Уфа, ПАО АНК \"Башнефть\" \"Башнефть-Новойл\""]
["Маркировка","ПАО АНК \"Башнефть\" \"Башнефть-Новойл\"",9,375,"Маркировка ZB5 QR 1050020:0141 (141-150)","ШТ",20,26.5,{"$f":"H379*G379","v":530},"450063, г. Уфа, ПАО АНК \"Башнефть\" \"Башнефть-Новойл\""]
["Маркировка","ПАО АНК \"Башнефть\" \"Башнефть-Новойл\"",9,376,"Маркировка ZB5 QR 1050020:0141 (141-150)","ШТ",6,26.5,{"$f":"H380*G380","v":159},"450063, г. Уфа, ПАО АНК \"Башнефть\" \"Башнефть-Новойл\""]
["Маркировка","ПАО АНК \"Башнефть\" \"Башнефть-Новойл\"",9,377,"Маркировка ZB5 QR 1050020:0141 (141-150)","ШТ",10,26.5,{"$f":"H381*G381","v":265},"450063, г. Уфа, ПАО АНК \"Башнефть\" \"Башнефть-Новойл\""]
["Маркировка","ПАО АНК \"Башнефть\" \"Башнефть-Новойл\"",9,378,"Маркировка ZB5 QR 1050020:0151 (151-160)","ШТ",20,26.5,{"$f":"H382*G382","v":530},"450063, г. Уфа, ПАО АНК \"Башнефть\" \"Башнефть-Новойл\""]
["Маркировка","ПАО АНК \"Башнефть\" \"Башнефть-Новойл\"",9,379,"Маркировка ZB5 QR 1050020:0151 (151-160)","ШТ",3,26.5,{"$f":"H383*G383","v":79.5},"450063, г. Уфа, ПАО АНК \"Башнефть\" \"Башнефть-Новойл\""]
["Маркировка","ПАО АНК \"Башнефть\" \"Башнефть-Новойл\"",9,380,"Маркировка ZB5 QR 1050020:0151 (151-160)","ШТ",3,26.5,{"$f":"H384*G384","v":79.5},"450063, г. Уфа, ПАО АНК \"Башнефть\" \"Башнефть-Новойл\""]
["Маркировка","ПАО АНК \"Башнефть\" \"Башнефть-Новойл\"",9,381,"Маркировка ZB5 QR 1050020:0151 (151-160)","ШТ",10,26.5,{"$f":"H385*G385","v":265},"450063, г. Уфа, ПАО АНК \"Башнефть\" \"Башнефть-Новойл\""]
["Маркировка","ПАО АНК \"Башнефть\" \"Башнефть-Новойл\"",9,382,"Маркировка ZB5 QR 1050020:0161 (161-170)","ШТ",1,26.5,{"$f":"H386*G386","v":26.5},"450063, г. Уфа, ПАО АНК \"Башнефть\" \"Башнефть-Новойл\""]
["Маркировка","ПАО АНК \"Башнефть\" \"Башнефть-Новойл\"",9,383,"Маркировка ZB5 QR 1050020:0161 (161-170)","ШТ",20,26.5,{"$f":"H387*G387","v":530},"450063, г. Уфа, ПАО АНК \"Башнефть\" \"Башнефть-Новойл\""]
["Маркировка","ПАО АНК \"Башнефть\" \"Башнефть-Новойл\"",9,384,"Маркировка ZB5 QR 1050020:0161 (161-170)","ШТ",6,26.5,{"$f":"H388*G388","v":159},"450063, г. Уфа, ПАО АНК \"Башнефть\" \"Башнефть-Новойл\""]
["Маркировка","ПАО АНК \"Башнефть\" \"Башнефть-Новойл\"",9,385,"Маркировка ZB5 QR 1050020:0161 (161-170)","ШТ",9,26.5,{"$f":"H389*G389","v":238.5},"450063, г. Уфа, ПАО АНК \"Башнефть\" \"Башнефть-Новойл\""]
["Маркировка","ПАО АНК \"Башнефть\" \"Башнефть-Новойл\"",9,386,"Маркировка ZB5 QR 1050020:0171 (171-180)","ШТ",1,26.5,{"$f":"H390*G390","v":26.5},"450063, г. Уфа, ПАО АНК \"Башнефть\" \"Башнефть-Новойл\""]
["Маркировка","ПАО АНК \"Башнефть\" \"Башнефть-Новойл\"",9,387,"Маркировка ZB5 QR 1050020:0171 (171-180)","ШТ",20,26.5,{"$f":"H391*G391","v":530},"450063, г. Уфа, ПАО АНК \"Башнефть\" \"Башнефть-Новойл\""]
["Маркировка","ПАО АНК \"Башнефть\" \"Башнефть-Новойл\"",9,388,"Маркировка ZB5 QR 1050020:0171 (171-180)","ШТ",6,26.5,{"$f":"H392*G392","v":159},"450063, г. Уфа, ПАО АНК \"Башнефть\" \"Башнефть-Новойл\""]
["Маркировка","ПАО АНК \"Башнефть\" \"Башнефть-Новойл\"",9,389,"Маркировка ZB5 QR 1050020:0171 (171-180)","ШТ",9,26.5,{"$f":"H393*G393","v":238.5},"450063, г. Уфа, ПАО АНК \"Башнефть\" \"Башнефть-Новойл\""]
["Маркировка","ПАО АНК \"Башнефть\" \"Башнефть-Новойл\"",9,390,"Маркировка ZB5 QR 1050020:0181 (181-190)","ШТ",1,26.5,{"$f":"H394*G394","v":26.5},"450063, г. Уфа, ПАО АНК \"Башнефть\" \"Башнефть-Новойл\""]
["Маркировка","ПАО АНК \"Башнефть\" \"Башнефть-Новойл\"",9,391,"Маркировка ZB5 QR 1050020:0181 (181-190)","ШТ",20,26.5,{"$f":"H395*G395","v":530},"450063, г. Уфа, ПАО АНК \"Башнефть\" \"Башнефть-Новойл\""]
["Маркировка","ПАО АНК \"Башнефть\" \"Башнефть-Новойл\"",9,392,"Маркировка ZB5 QR 1050020:0181 (181-190)","ШТ",1,26.5,{"$f":"H396*G396","v":26.5},"450063, г. Уфа, ПАО АНК \"Башнефть\" \"Башнефть-Новойл\""]
["Маркировка","ПАО АНК \"Башнефть\" \"Башнефть-Новойл\"",9,393,"Маркировка ZB5 QR 1050020:0181 (181-190)","ШТ",5,26.5,{"$f":"H397*G397","v":132.5},"450063, г. Уфа, ПАО АНК \"Башнефть\" \"Башнефть-Новойл\""]
["Маркировка","ПАО АНК \"Башнефть\" \"Башнефть-Новойл\"",9,394,"Маркировка ZB5 QR 1050020:0181 (181-190)","ШТ",9,26.5,{"$f":"H398*G398","v":238.5},"450063, г. Уфа, ПАО АНК \"Башнефть\" \"Башнефть-Новойл\""]
["Маркировка","ПАО АНК \"Башнефть\" \"Башнефть-Новойл\"",9,395,"Маркировка ZB5 QR 1050020:0191 (191-200)","ШТ",1,26.5,{"$f":"H399*G399","v":26.5},"450063, г. Уфа, ПАО АНК \"Башнефть\" \"Башнефть-Новойл\""]
["Маркировка","ПАО АНК \"Башнефть\" \"Башнефть-Новойл\"",9,396,"Маркировка ZB5 QR 1050020:0191 (191-200)","ШТ",20,26.5,{"$f":"H400*G400","v":530},"450063, г. Уфа, ПАО АНК \"Башнефть\" \"Башнефть-Новойл\""]
["Маркировка","ПАО АНК \"Башнефть\" \"Башнефть-Новойл\"",9,397,"Маркировка ZB5 QR 1050020:0191 (191-200)","ШТ",6,26.5,{"$f":"H401*G401","v":159},"450063, г. Уфа, ПАО АНК \"Башнефть\" \"Башнефть-Новойл\""]
["Маркировка","ПАО АНК \"Башнефть\" \"Башнефть-Новойл\"",9,398,"Маркировка ZB5 QR 1050020:0191 (191-200)","ШТ",9,26.5,{"$f":"H402*G402","v":238.5},"450063, г. Уфа, ПАО АНК \"Башнефть\" \"Башнефть-Новойл\""]
["Маркировка","ПАО АНК \"Башнефть\" \"Башнефть-Новойл\"",9,399,"Маркировка ZB5 QR 1050020:0201 (201-210)","ШТ",1,29.4,{"$f":"H403*G403","v":29.4},"450063, г. Уфа, ПАО АНК \"Башнефть\" \"Башнефть-Новойл\""]
["Маркировка","ПАО АНК \"Башнефть\" \"Башнефть-Новойл\"",9,400,"Маркировка ZB5 QR 1050020:0201 (201-210)","ШТ",20,29.4,{"$f":"H404*G404","v":588},"450063, г. Уфа, ПАО АНК \"Башнефть\" \"Башнефть-Новойл\""]
["Маркировка","ПАО АНК \"Башнефть\" \"Башнефть-Новойл\"",9,401,"Маркировка ZB5 QR 1050020:0201 (201-210)","ШТ",5,29.4,{"$f":"H405*G405","v":147},"450063, г. Уфа, ПАО АНК \"Башнефть\" \"Башнефть-Новойл\""]
["Маркировка","ПАО АНК \"Башнефть\" \"Башнефть-Новойл\"",9,402,"Маркировка ZB5 QR 1050020:0201 (201-210)","ШТ",1,29.4,{"$f":"H406*G406","v":29.4},"450063, г. Уфа, ПАО АНК \"Башнефть\" \"Башнефть-Новойл\""]
["Маркировка","ПАО АНК \"Башнефть\" \"Башнефть-Новойл\"",9,403,"Маркировка ZB5 QR 1050020:0201 (201-210)","ШТ",9,29.4,{"$f":"H407*G407","v":264.59999999999997},"450063, г. Уфа, ПАО АНК \"Башнефть\" \"Башнефть-Новойл\""]
["Маркировка","ПАО АНК \"Башнефть\" \"Башнефть-Новойл\"",9,404,"Маркировка ZB5 QR 1050020:0211 (211-220)","ШТ",20,29.4,{"$f":"H408*G408","v":588},"450063, г. Уфа, ПАО АНК \"Башнефть\" \"Башнефть-Новойл\""]
["Маркировка","ПАО АНК \"Башнефть\" \"Башнефть-Новойл\"",9,405,"Маркировка ZB5 QR 1050020:0211 (211-220)","ШТ",6,29.4,{"$f":"H409*G409","v":176.39999999999998},"450063, г. Уфа, ПАО АНК \"Башнефть\" \"Башнефть-Новойл\""]
["Маркировка","ПАО АНК \"Башнефть\" \"Башнефть-Новойл\"",9,406,"Маркировка ZB5 QR 1050020:0211 (211-220)","ШТ",10,29.4,{"$f":"H410*G410","v":294},"450063, г. Уфа, ПАО АНК \"Башнефть\" \"Башнефть-Новойл\""]
["Маркировка","ПАО АНК \"Башнефть\" \"Башнефть-Новойл\"",9,407,"Маркировка ZB5 QR 1050020:0221 (221-230)","ШТ",20,29.4,{"$f":"H411*G411","v":588},"450063, г. Уфа, ПАО АНК \"Башнефть\" \"Башнефть-Новойл\""]
["Маркировка","ПАО АНК \"Башнефть\" \"Башнефть-Новойл\"",9,408,"Маркировка ZB5 QR 1050020:0221 (221-230)","ШТ",5,29.4,{"$f":"H412*G412","v":147},"450063, г. Уфа, ПАО АНК \"Башнефть\" \"Башнефть-Новойл\""]
["Маркировка","ПАО АНК \"Башнефть\" \"Башнефть-Новойл\"",9,409,"Маркировка ZB5 QR 1050020:0221 (221-230)","ШТ",1,29.4,{"$f":"H413*G413","v":29.4},"450063, г. Уфа, ПАО АНК \"Башнефть\" \"Башнефть-Новойл\""]
["Маркировка","ПАО АНК \"Башнефть\" \"Башнефть-Новойл\"",9,410,"Маркировка ZB5 QR 1050020:0221 (221-230)","ШТ",10,29.4,{"$f":"H414*G414","v":294},"450063, г. Уфа, ПАО АНК \"Башнефть\" \"Башнефть-Новойл\""]
["Маркировка","ПАО АНК \"Башнефть\" \"Башнефть-Новойл\"",9,411,"Маркировка ZB5 QR 1050020:0231 (231-240)","ШТ",20,29.4,{"$f":"H415*G415","v":588},"450063, г. Уфа, ПАО АНК \"Башнефть\" \"Башнефть-Новойл\""]
["Маркировка","ПАО АНК \"Башнефть\" \"Башнефть-Новойл\"",9,412,"Маркировка ZB5 QR 1050020:0231 (231-240)","ШТ",1,29.4,{"$f":"H416*G416","v":29.4},"450063, г. Уфа, ПАО АНК \"Башнефть\" \"Башнефть-Новойл\""]
["Маркировка","ПАО АНК \"Башнефть\" \"Башнефть-Новойл\"",9,413,"Маркировка ZB5 QR 1050020:0231 (231-240)","ШТ",5,29.4,{"$f":"H417*G417","v":147},"450063, г. Уфа, ПАО АНК \"Башнефть\" \"Башнефть-Новойл\""]
["Маркировка","ПАО АНК \"Башнефть\" \"Башнефть-Новойл\"",9,414,"Маркировка ZB5 QR 1050020:0231 (231-240)","ШТ",10,29.4,{"$f":"H418*G418","v":294},"450063, г. Уфа, ПАО АНК \"Башнефть\" \"Башнефть-Новойл\""]
["Маркировка","ПАО АНК \"Башнефть\" \"Башнефть-Новойл\"",9,415,"Маркировка ZB5 QR 1050020:0241 (241-250)","ШТ",11,29.4,{"$f":"H419*G419","v":323.39999999999998},"450063, г. Уфа, ПАО АНК \"Башнефть\" \"Башнефть-Новойл\""]
["Маркировка","ПАО АНК \"Башнефть\" \"Башнефть-Новойл\"",9,416,"Маркировка ZB5 QR 1050020:0241 (241-250)","ШТ",9,29.4,{"$f":"H420*G420","v":264.59999999999997},"450063, г. Уфа, ПАО АНК \"Башнефть\" \"Башнефть-Новойл\""]
["Маркировка","ПАО АНК \"Башнефть\" \"Башнефть-Новойл\"",9,417,"Маркировка ZB5 QR 1050020:0241 (241-250)","ШТ",6,29.4,{"$f":"H421*G421","v":176.39999999999998},"450063, г. Уфа, ПАО АНК \"Башнефть\" \"Башнефть-Новойл\""]
["Маркировка","ПАО АНК \"Башнефть\" \"Башнефть-Новойл\"",9,418,"Маркировка ZB5 QR 1050020:0241 (241-250)","ШТ",10,29.4,{"$f":"H422*G422","v":294},"450063, г. Уфа, ПАО АНК \"Башнефть\" \"Башнефть-Новойл\""]
["Маркировка","ПАО АНК \"Башнефть\" \"Башнефть-Новойл\"",9,419,"Маркировка ZB5 QR 1050020:0251 (251-260)","ШТ",10,29.4,{"$f":"H423*G423","v":294},"450063, г. Уфа, ПАО АНК \"Башнефть\" \"Башнефть-Новойл\""]
["Маркировка","ПАО АНК \"Башнефть\" \"Башнефть-Новойл\"",9,420,"Маркировка ZB5 QR 1050020:0251 (251-260)","ШТ",10,29.4,{"$f":"H424*G424","v":294},"450063, г. Уфа, ПАО АНК \"Башнефть\" \"Башнефть-Новойл\""]
["Маркировка","ПАО АНК \"Башнефть\" \"Башнефть-Новойл\"",9,421,"Маркировка ZB5 QR 1050020:0251 (251-260)","ШТ",6,29.4,{"$f":"H425*G425","v":176.39999999999998},"450063, г. Уфа, ПАО АНК \"Башнефть\" \"Башнефть-Новойл\""]
["Маркировка","ПАО АНК \"Башнефть\" \"Башнефть-Новойл\"",9,422,"Маркировка ZB5 QR 1050020:0251 (251-260)","ШТ",10,29.4,{"$f":"H426*G426","v":294},"450063, г. Уфа, ПАО АНК \"Башнефть\" \"Башнефть-Новойл\""]
["Маркировка","ПАО АНК \"Башнефть\" \"Башнефть-Новойл\"",9,423,"Маркировка ZB5 QR 1050020:0261 (261-270)","ШТ",16,29.4,{"$f":"H427*G427","v":470.4},"450063, г. Уфа, ПАО АНК \"Башнефть\" \"Башнефть-Новойл\""]
["Маркировка","ПАО АНК \"Башнефть\" \"Башнефть-Новойл\"",9,424,"Маркировка ZB5 QR 1050020:0261 (261-270)","ШТ",4,29.4,{"$f":"H428*G428","v":117.6},"450063, г. Уфа, ПАО АНК \"Башнефть\" \"Башнефть-Новойл\""]
["Маркировка","ПАО АНК \"Башнефть\" \"Башнефть-Новойл\"",9,425,"Маркировка ZB5 QR 1050020:0261 (261-270)","ШТ",4,29.4,{"$f":"H429*G429","v":117.6},"450063, г. Уфа, ПАО АНК \"Башнефть\" \"Башнефть-Новойл\""]
["Маркировка","ПАО АНК \"Башнефть\" \"Башнефть-Новойл\"",9,426,"Маркировка ZB5 QR 1050020:0261 (261-270)","ШТ",2,29.4,{"$f":"H430*G430","v":58.8},"450063, г. Уфа, ПАО АНК \"Башнефть\" \"Башнефть-Новойл\""]
["Маркировка","ПАО АНК \"Башнефть\" \"Башнефть-Новойл\"",9,427,"Маркировка ZB5 QR 1050020:0261 (261-270)","ШТ",10,29.4,{"$f":"H431*G431","v":294},"450063, г. Уфа, ПАО АНК \"Башнефть\" \"Башнефть-Новойл\""]
["Маркировка","ПАО АНК \"Башнефть\" \"Башнефть-Новойл\"",9,428,"Маркировка ZB5 QR 1050020:0271 (271-280)","ШТ",6,29.4,{"$f":"H432*G432","v":176.39999999999998},"450063, г. Уфа, ПАО АНК \"Башнефть\" \"Башнефть-Новойл\""]
["Маркировка","ПАО АНК \"Башнефть\" \"Башнефть-Новойл\"",9,429,"Маркировка ZB5 QR 1050020:0271 (271-280)","ШТ",14,29.4,{"$f":"H433*G433","v":411.59999999999997},"450063, г. Уфа, ПАО АНК \"Башнефть\" \"Башнефть-Новойл\""]
["Маркировка","ПАО АНК \"Башнефть\" \"Башнефть-Новойл\"",9,430,"Маркировка ZB5 QR 1050020:0271 (271-280)","ШТ",6,29.4,{"$f":"H434*G434","v":176.39999999999998},"450063, г. Уфа, ПАО АНК \"Башнефть\" \"Башнефть-Новойл\""]
["Маркировка","ПАО АНК \"Башнефть\" \"Башнефть-Новойл\"",9,431,"Маркировка ZB5 QR 1050020:0271 (271-280)","ШТ",10,29.4,{"$f":"H435*G435","v":294},"450063, г. Уфа, ПАО АНК \"Башнефть\" \"Башнефть-Новойл\""]
["Маркировка","ПАО АНК \"Башнефть\" \"Башнефть-Новойл\"",9,432,"Маркировка ZB5 QR 1050020:0281 (281-290)","ШТ",2,29.4,{"$f":"H436*G436","v":58.8},"450063, г. Уфа, ПАО АНК \"Башнефть\" \"Башнефть-Новойл\""]
["Маркировка","ПАО АНК \"Башнефть\" \"Башнефть-Новойл\"",9,433,"Маркировка ZB5 QR 1050020:0281 (281-290)","ШТ",18,29.4,{"$f":"H437*G437","v":529.19999999999993},"450063, г. Уфа, ПАО АНК \"Башнефть\" \"Башнефть-Новойл\""]
["Маркировка","ПАО АНК \"Башнефть\" \"Башнефть-Новойл\"",9,434,"Маркировка ZB5 QR 1050020:0281 (281-290)","ШТ",2,29.4,{"$f":"H438*G438","v":58.8},"450063, г. Уфа, ПАО АНК \"Башнефть\" \"Башнефть-Новойл\""]
["Маркировка","ПАО АНК \"Башнефть\" \"Башнефть-Новойл\"",9,435,"Маркировка ZB5 QR 1050020:0281 (281-290)","ШТ",4,29.4,{"$f":"H439*G439","v":117.6},"450063, г. Уфа, ПАО АНК \"Башнефть\" \"Башнефть-Новойл\""]
["Маркировка","ПАО АНК \"Башнефть\" \"Башнефть-Новойл\"",9,436,"Маркировка ZB5 QR 1050020:0281 (281-290)","ШТ",10,29.4,{"$f":"H440*G440","v":294},"450063, г. Уфа, ПАО АНК \"Башнефть\" \"Башнефть-Новойл\""]
["Маркировка","ПАО АНК \"Башнефть\" \"Башнефть-Новойл\"",9,437,"Маркировка ZB5 QR 1050020:0291 (291-300)","ШТ",4,29.4,{"$f":"H441*G441","v":117.6},"450063, г. Уфа, ПАО АНК \"Башнефть\" \"Башнефть-Новойл\""]
["Маркировка","ПАО АНК \"Башнефть\" \"Башнефть-Новойл\"",9,438,"Маркировка ZB5 QR 1050020:0291 (291-300)","ШТ",16,29.4,{"$f":"H442*G442","v":470.4},"450063, г. Уфа, ПАО АНК \"Башнефть\" \"Башнефть-Новойл\""]
["Маркировка","ПАО АНК \"Башнефть\" \"Башнефть-Новойл\"",9,439,"Маркировка ZB5 QR 1050020:0291 (291-300)","ШТ",4,29.4,{"$f":"H443*G443","v":117.6},"450063, г. Уфа, ПАО АНК \"Башнефть\" \"Башнефть-Новойл\""]
["Маркировка","ПАО АНК \"Башнефть\" \"Башнефть-Новойл\"",9,440,"Маркировка ZB5 QR 1050020:0291 (291-300)","ШТ",2,29.4,{"$f":"H444*G444","v":58.8},"450063, г. Уфа, ПАО АНК \"Башнефть\" \"Башнефть-Новойл\""]
["Маркировка","ПАО АНК \"Башнефть\" \"Башнефть-Новойл\"",9,441,"Маркировка ZB6 LGS 1051016:0001 (1-10)","ШТ",1,34,{"$f":"H445*G445","v":34},"450063, г. Уфа, ПАО АНК \"Башнефть\" \"Башнефть-Новойл\""]
["Маркировка","ПАО АНК \"Башнефть\" \"Башнефть-Новойл\"",9,442,"Маркировка ZB6 LGS 1051016:0001 (1-10)","ШТ",1,34,{"$f":"H446*G446","v":34},"450063, г. Уфа, ПАО АНК \"Башнефть\" \"Башнефть-Новойл\""]
["Маркировка","ПАО АНК \"Башнефть\" \"Башнефть-Новойл\"",9,443,"Маркировка ZB6 LGS 1051016:0001 (1-10)","ШТ",1,34,{"$f":"H447*G447","v":34},"450063, г. Уфа, ПАО АНК \"Башнефть\" \"Башнефть-Новойл\""]
["Маркировка","ПАО АНК \"Башнефть\" \"Башнефть-Новойл\"",9,444,"Маркировка ZB6/WH-100:UNBEDRUCKT 5060935","ШТ",99,30.2,{"$f":"H448*G448","v":2989.7999999999997},"450063, г. Уфа, ПАО АНК \"Башнефть\" \"Башнефть-Новойл\""]
["Маркировка","ПАО АНК \"Башнефть\" \"Башнефть-Новойл\"",9,445,"Маркировка ZB8 QR 1052028:0011 (11-20)","ШТ",1,29.4,{"$f":"H449*G449","v":29.4},"450063, г. Уфа, ПАО АНК \"Башнефть\" \"Башнефть-Новойл\""]
["Маркировка","ПАО АНК \"Башнефть\" \"Башнефть-Новойл\"",9,446,"Маркировка ZB8 QR 1052028:0011 (11-20)","ШТ",1,29.4,{"$f":"H450*G450","v":29.4},"450063, г. Уфа, ПАО АНК \"Башнефть\" \"Башнефть-Новойл\""]
["Маркировка","ПАО АНК \"Башнефть\" \"Башнефть-Новойл\"",9,447,"Маркировка ZB8 QR 1052028:0011 (11-20)","ШТ",10,29.4,{"$f":"H451*G451","v":294},"450063, г. Уфа, ПАО АНК \"Башнефть\" \"Башнефть-Новойл\""]
["Маркировка","ПАО АНК \"Башнефть\" \"Башнефть-Новойл\"",9,448,"Маркировка ZB8 QR 1052028:0011 (11-20)","ШТ",2,29.4,{"$f":"H452*G452","v":58.8},"450063, г. Уфа, ПАО АНК \"Башнефть\" \"Башнефть-Новойл\""]
["Маркировка","ПАО АНК \"Башнефть\" \"Башнефть-Новойл\"",9,449,"Маркировка ZB8 QR 1052028:0021 (21-30)","ШТ",1,29.4,{"$f":"H453*G453","v":29.4},"450063, г. Уфа, ПАО АНК \"Башнефть\" \"Башнефть-Новойл\""]
["Маркировка","ПАО АНК \"Башнефть\" \"Башнефть-Новойл\"",9,450,"Маркировка ZB8 QR 1052028:0021 (21-30)","ШТ",1,29.4,{"$f":"H454*G454","v":29.4},"450063, г. Уфа, ПАО АНК \"Башнефть\" \"Башнефть-Новойл\""]
["Маркировка","ПАО АНК \"Башнефть\" \"Башнефть-Новойл\"",9,451,"Маркировка ZB8 QR 1052028:0021 (21-30)","ШТ",10,29.4,{"$f":"H455*G455","v":294},"450063, г. Уфа, ПАО АНК \"Башнефть\" \"Башнефть-Новойл\""]
["Маркировка","ПАО АНК \"Башнефть\" \"Башнефть-Новойл\"",9,452,"Маркировка ZB8 QR 1052028:0021 (21-30)","ШТ",2,29.4,{"$f":"H456*G456","v":58.8},"450063, г. Уфа, ПАО АНК \"Башнефть\" \"Башнефть-Новойл\""]
["Маркировка","ПАО АНК \"Башнефть\" \"Башнефть-Новойл\"",9,453,"Маркировка ZB8 QR 1052028:0031 (31-40)","ШТ",2,29.4,{"$f":"H457*G457","v":58.8},"450063, г. Уфа, ПАО АНК \"Башнефть\" \"Башнефть-Новойл\""]
["Маркировка","ПАО АНК \"Башнефть\" \"Башнефть-Новойл\"",9,454,"Маркировка ZB8 QR 1052028:0031 (31-40)","ШТ",10,29.4,{"$f":"H458*G458","v":294},"450063, г. Уфа, ПАО АНК \"Башнефть\" \"Башнефть-Новойл\""]
["Маркировка","ПАО АНК \"Башнефть\" \"Башнефть-Новойл\"",9,455,"Маркировка ZB8 QR 1052028:0031 (31-40)","ШТ",2,29.4,{"$f":"H459*G459","v":58.8},"450063, г. Уфа, ПАО АНК \"Башнефть\" \"Башнефть-Новойл\""]
["Маркировка","ПАО АНК \"Башнефть\" \"Башнефть-Новойл\"",9,456,"Маркировка ZB8 QR 1052028:0041 (41-50)","ШТ",2,29.4,{"$f":"H460*G460","v":58.8},"450063, г. Уфа, ПАО АНК \"Башнефть\" \"Башнефть-Новойл\""]
["Маркировка","ПАО АНК \"Башнефть\" \"Башнефть-Новойл\"",9,457,"Маркировка ZB8 QR 1052028:0041 (41-50)","ШТ",10,29.4,{"$f":"H461*G461","v":294},"450063, г. Уфа, ПАО АНК \"Башнефть\" \"Башнефть-Новойл\""]
["Маркировка","ПАО АНК \"Башнефть\" \"Башнефть-Новойл\"",9,458,"Маркировка ZB8 QR 1052028:0041 (41-50)","ШТ",2,29.4,{"$f":"H462*G462","v":58.8},"450063, г. Уфа, ПАО АНК \"Башнефть\" \"Башнефть-Новойл\""]
["Маркировка","ПАО АНК \"Башнефть\" \"Башнефть-Новойл\"",9,459,"Маркировка ZB8 QR 1052028:0051 (51-60)","ШТ",2,29.4,{"$f":"H463*G463","v":58.8},"450063, г. Уфа, ПАО АНК \"Башнефть\" \"Башнефть-Новойл\""]
["Маркировка","ПАО АНК \"Башнефть\" \"Башнефть-Новойл\"",9,460,"Маркировка ZB8 QR 1052028:0051 (51-60)","ШТ",10,29.4,{"$f":"H464*G464","v":294},"450063, г. Уфа, ПАО АНК \"Башнефть\" \"Башнефть-Новойл\""]
["Маркировка","ПАО АНК \"Башнефть\" \"Башнефть-Новойл\"",9,461,"Маркировка ZB8 QR 1052028:0061 (61-70)","ШТ",2,29.4,{"$f":"H465*G465","v":58.8},"450063, г. Уфа, ПАО АНК \"Башнефть\" \"Башнефть-Новойл\""]
["Маркировка","ПАО АНК \"Башнефть\" \"Башнефть-Новойл\"",9,462,"Маркировка ZB8 QR 1052028:0061 (61-70)","ШТ",10,29.4,{"$f":"H466*G466","v":294},"450063, г. Уфа, ПАО АНК \"Башнефть\" \"Башнефть-Новойл\""]
["Маркировка","ПАО АНК \"Башнефть\" \"Башнефть-Новойл\"",9,463,"Маркировка ZB8 QR 1052028:0071 (71-80)","ШТ",2,29.4,{"$f":"H467*G467","v":58.8},"450063, г. Уфа, ПАО АНК \"Башнефть\" \"Башнефть-Новойл\""]
["Маркировка","ПАО АНК \"Башнефть\" \"Башнефть-Новойл\"",9,464,"Маркировка ZB8 QR 1052028:0071 (71-80)","ШТ",10,29.4,{"$f":"H468*G468","v":294},"450063, г. Уфа, ПАО АНК \"Башнефть\" \"Башнефть-Новойл\""]
["Маркировка","ПАО АНК \"Башнефть\" \"Башнефть-Новойл\"",9,465,"Маркировка ZB8 QR 1052028:0081 (81-90)","ШТ",2,29.4,{"$f":"H469*G469","v":58.8},"450063, г. Уфа, ПАО АНК \"Башнефть\" \"Башнефть-Новойл\""]
["Маркировка","ПАО АНК \"Башнефть\" \"Башнефть-Новойл\"",9,466,"Маркировка ZB8 QR 1052028:0081 (81-90)","ШТ",10,29.4,{"$f":"H470*G470","v":294},"450063, г. Уфа, ПАО АНК \"Башнефть\" \"Башнефть-Новойл\""]
["Маркировка","ПАО АНК \"Башнефть\" \"Башнефть-Новойл\"",9,467,"Маркировка ZB8 QR 1052028:0091 (91-100)","ШТ",2,29.4,{"$f":"H471*G471","v":58.8},"450063, г. Уфа, ПАО АНК \"Башнефть\" \"Башнефть-Новойл\""]
["Маркировка","ПАО АНК \"Башнефть\" \"Башнефть-Новойл\"",9,468,"Маркировка ZB8 QR 1052028:0091 (91-100)","ШТ",10,29.4,{"$f":"H472*G472","v":294},"450063, г. Уфа, ПАО АНК \"Башнефть\" \"Башнефть-Новойл\""]
["Маркировка","ПАО АНК \"Башнефть\" \"Башнефть-Новойл\"",9,469,"Маркировка ZB8 QR 1052028:0101 (101-110)","ШТ",10,29.4,{"$f":"H473*G473","v":294},"450063, г. Уфа, ПАО АНК \"Башнефть\" \"Башнефть-Новойл\""]
["Маркировка","ПАО АНК \"Башнефть\" \"Башнефть-Новойл\"",9,470,"Маркировка ZB8 QR 1052028:0111 (111-120)","ШТ",10,29.4,{"$f":"H474*G474","v":294},"450063, г. Уфа, ПАО АНК \"Башнефть\" \"Башнефть-Новойл\""]
["Маркировка","ПАО АНК \"Башнефть\" \"Башнефть-Новойл\"",9,471,"Маркировка ZB8 QR 1052028:0121 (121-130)","ШТ",3,29.4,{"$f":"H475*G475","v":88.199999999999989},"450063, г. Уфа, ПАО АНК \"Башнефть\" \"Башнефть-Новойл\""]
["Маркировка","ПАО АНК \"Башнефть\" \"Башнефть-Новойл\"",9,472,"Маркировка ZB8 QR 1052028:0121 (121-130)","ШТ",7,29.4,{"$f":"H476*G476","v":205.79999999999998},"450063, г. Уфа, ПАО АНК \"Башнефть\" \"Башнефть-Новойл\""]
["Маркировка","ПАО АНК \"Башнефть\" \"Башнефть-Новойл\"",9,473,"Маркировка ZB8 QR 1052028:0121 (121-130)","ШТ",1,29.4,{"$f":"H477*G477","v":29.4},"450063, г. Уфа, ПАО АНК \"Башнефть\" \"Башнефть-Новойл\""]
["Маркировка","ПАО АНК \"Башнефть\" \"Башнефть-Новойл\"",9,474,"Маркировка ZB8 QR 1052028:0121 (121-130)","ШТ",1,29.4,{"$f":"H478*G478","v":29.4},"450063, г. Уфа, ПАО АНК \"Башнефть\" \"Башнефть-Новойл\""]
["Маркировка","ПАО АНК \"Башнефть\" \"Башнефть-Новойл\"",9,475,"Маркировка ZB8 QR 1052028:0131 (131-140)","ШТ",4,29.4,{"$f":"H479*G479","v":117.6},"450063, г. Уфа, ПАО АНК \"Башнефть\" \"Башнефть-Новойл\""]
["Маркировка","ПАО АНК \"Башнефть\" \"Башнефть-Новойл\"",9,476,"Маркировка ZB8 QR 1052028:0141 (141-150)","ШТ",4,29.4,{"$f":"H480*G480","v":117.6},"450063, г. Уфа, ПАО АНК \"Башнефть\" \"Башнефть-Новойл\""]
["Маркировка","ПАО АНК \"Башнефть\" \"Башнефть-Новойл\"",9,477,"Маркировка ZB8 QR 1052028:0151 (151-160)","ШТ",4,29.4,{"$f":"H481*G481","v":117.6},"450063, г. Уфа, ПАО АНК \"Башнефть\" \"Башнефть-Новойл\""]
["Маркировка","ПАО АНК \"Башнефть\" \"Башнефть-Новойл\"",9,478,"Маркировка ZB8 QR 1052028:0161 (161-170)","ШТ",4,29.4,{"$f":"H482*G482","v":117.6},"450063, г. Уфа, ПАО АНК \"Башнефть\" \"Башнефть-Новойл\""]
["Маркировка","ПАО АНК \"Башнефть\" \"Башнефть-Новойл\"",9,479,"Маркировка ZB8 QR 1052028:0171 (171-180)","ШТ",4,29.4,{"$f":"H483*G483","v":117.6},"450063, г. Уфа, ПАО АНК \"Башнефть\" \"Башнефть-Новойл\""]
["Маркировка","ПАО АНК \"Башнефть\" \"Башнефть-Новойл\"",9,480,"Маркировка ZB8 QR 1052028:0191 (191-200)","ШТ",4,29.4,{"$f":"H484*G484","v":117.6},"450063, г. Уфа, ПАО АНК \"Башнефть\" \"Башнефть-Новойл\""]
["Маркировка","ПАО АНК \"Башнефть\" \"Башнефть-Новойл\"",9,481,"Маркировка ZB8 QR 1052028:0201 (201-210)","ШТ",1,29.4,{"$f":"H485*G485","v":29.4},"450063, г. Уфа, ПАО АНК \"Башнефть\" \"Башнефть-Новойл\""]
["Маркировка","ПАО АНК \"Башнефть\" \"Башнефть-Новойл\"",9,482,"Маркировка ZB8 QR 1052028:0201 (201-210)","ШТ",10,29.4,{"$f":"H486*G486","v":294},"450063, г. Уфа, ПАО АНК \"Башнефть\" \"Башнефть-Новойл\""]
["Маркировка","ПАО АНК \"Башнефть\" \"Башнефть-Новойл\"",9,483,"Маркировка ZB8 QR 1052028:0201 (201-210)","ШТ",10,29.4,{"$f":"H487*G487","v":294},"450063, г. Уфа, ПАО АНК \"Башнефть\" \"Башнефть-Новойл\""]
["Маркировка","ПАО АНК \"Башнефть\" \"Башнефть-Новойл\"",9,484,"Маркировка ZB8 QR 1052028:0201 (201-210)","ШТ",4,29.4,{"$f":"H488*G488","v":117.6},"450063, г. Уфа, ПАО АНК \"Башнефть\" \"Башнефть-Новойл\""]
["Маркировка","ПАО АНК \"Башнефть\" \"Башнефть-Новойл\"",9,485,"Маркировка ZB8 QR 1052028:0211 (211-220)","ШТ",10,16.100000000000001,{"$f":"H489*G489","v":161},"450063, г. Уфа, ПАО АНК \"Башнефть\" \"Башнефть-Новойл\""]
["Маркировка","ПАО АНК \"Башнефть\" \"Башнефть-Новойл\"",9,486,"Маркировка ZB8 QR 1052028:0211 (211-220)","ШТ",10,17.5,{"$f":"H490*G490","v":175},"450063, г. Уфа, ПАО АНК \"Башнефть\" \"Башнефть-Новойл\""]
["Маркировка","ПАО АНК \"Башнефть\" \"Башнефть-Новойл\"",9,487,"Маркировка ZB8 QR 1052028:0221 (221-230)","ШТ",10,16.100000000000001,{"$f":"H491*G491","v":161},"450063, г. Уфа, ПАО АНК \"Башнефть\" \"Башнефть-Новойл\""]
["Маркировка","ПАО АНК \"Башнефть\" \"Башнефть-Новойл\"",9,488,"Маркировка ZB8 QR 1052028:0221 (221-230)","ШТ",10,17.5,{"$f":"H492*G492","v":175},"450063, г. Уфа, ПАО АНК \"Башнефть\" \"Башнефть-Новойл\""]
["Маркировка","ПАО АНК \"Башнефть\" \"Башнефть-Новойл\"",9,489,"Маркировка ZB8 QR 1052028:0231 (231-240)","ШТ",10,16.100000000000001,{"$f":"H493*G493","v":161},"450063, г. Уфа, ПАО АНК \"Башнефть\" \"Башнефть-Новойл\""]
["Маркировка","ПАО АНК \"Башнефть\" \"Башнефть-Новойл\"",9,490,"Маркировка ZB8 QR 1052028:0231 (231-240)","ШТ",10,17.5,{"$f":"H494*G494","v":175},"450063, г. Уфа, ПАО АНК \"Башнефть\" \"Башнефть-Новойл\""]
["Маркировка","ПАО АНК \"Башнефть\" \"Башнефть-Новойл\"",9,491,"Маркировка ZB8 QR 1052028:0241 (241-250)","ШТ",10,16.100000000000001,{"$f":"H495*G495","v":161},"450063, г. Уфа, ПАО АНК \"Башнефть\" \"Башнефть-Новойл\""]
["Маркировка","ПАО АНК \"Башнефть\" \"Башнефть-Новойл\"",9,492,"Маркировка ZB8 QR 1052028:0241 (241-250)","ШТ",10,17.5,{"$f":"H496*G496","v":175},"450063, г. Уфа, ПАО АНК \"Башнефть\" \"Башнефть-Новойл\""]
["Маркировка","ПАО АНК \"Башнефть\" \"Башнефть-Новойл\"",9,493,"Маркировка ZB8 QR 1052028:0251 (251-260)","ШТ",10,16.100000000000001,{"$f":"H497*G497","v":161},"450063, г. Уфа, ПАО АНК \"Башнефть\" \"Башнефть-Новойл\""]
["Маркировка","ПАО АНК \"Башнефть\" \"Башнефть-Новойл\"",9,494,"Маркировка ZB8 QR 1052028:0251 (251-260)","ШТ",10,17.5,{"$f":"H498*G498","v":175},"450063, г. Уфа, ПАО АНК \"Башнефть\" \"Башнефть-Новойл\""]
["Маркировка","ПАО АНК \"Башнефть\" \"Башнефть-Новойл\"",9,495,"Маркировка ZB8 QR 1052028:0261 (261-270)","ШТ",10,16.100000000000001,{"$f":"H499*G499","v":161},"450063, г. Уфа, ПАО АНК \"Башнефть\" \"Башнефть-Новойл\""]
["Маркировка","ПАО АНК \"Башнефть\" \"Башнефть-Новойл\"",9,496,"Маркировка ZB8 QR 1052028:0261 (261-270)","ШТ",10,17.5,{"$f":"H500*G500","v":175},"450063, г. Уфа, ПАО АНК \"Башнефть\" \"Башнефть-Новойл\""]
["Маркировка","ПАО АНК \"Башнефть\" \"Башнефть-Новойл\"",9,497,"Маркировка ZB8 QR 1052028:0271 (271-280)","ШТ",10,16.100000000000001,{"$f":"H501*G501","v":161},"450063, г. Уфа, ПАО АНК \"Башнефть\" \"Башнефть-Новойл\""]
["Маркировка","ПАО АНК \"Башнефть\" \"Башнефть-Новойл\"",9,498,"Маркировка ZB8 QR 1052028:0271 (271-280)","ШТ",10,17.5,{"$f":"H502*G502","v":175},"450063, г. Уфа, ПАО АНК \"Башнефть\" \"Башнефть-Новойл\""]
["Маркировка","ПАО АНК \"Башнефть\" \"Башнефть-Новойл\"",9,499,"Маркировка ZB8 QR 1052028:0281 (281-290)","ШТ",10,16.100000000000001,{"$f":"H503*G503","v":161},"450063, г. Уфа, ПАО АНК \"Башнефть\" \"Башнефть-Новойл\""]
["Маркировка","ПАО АНК \"Башнефть\" \"Башнефть-Новойл\"",9,500,"Маркировка ZB8 QR 1052028:0281 (281-290)","ШТ",10,17.5,{"$f":"H504*G504","v":175},"450063, г. Уфа, ПАО АНК \"Башнефть\" \"Башнефть-Новойл\""]
["Маркировка","ПАО АНК \"Башнефть\" \"Башнефть-Новойл\"",9,501,"Маркировка ZB8 QR 1052028:0291 (291-300)","ШТ",10,16.100000000000001,{"$f":"H505*G505","v":161},"450063, г. Уфа, ПАО АНК \"Башнефть\" \"Башнефть-Новойл\""]
["Маркировка","ПАО АНК \"Башнефть\" \"Башнефть-Новойл\"",9,502,"Маркировка ZB8 QR 1052028:0291 (291-300)","ШТ",10,17.5,{"$f":"H506*G506","v":175},"450063, г. Уфа, ПАО АНК \"Башнефть\" \"Башнефть-Новойл\""]
["Маркировка","ПАО АНК \"Башнефть\" \"Башнефть-Новойл\"",9,503,"Маркировка ZBF 6/WH-100 0808736","ШТ",500,2.8,{"$f":"H507*G507","v":1400},"450063, г. Уфа, ПАО АНК \"Башнефть\" \"Башнефть-Новойл\""]
["Маркировка","ПАО АНК \"Башнефть\" \"Башнефть-Новойл\"",9,504,"Маркировка ZBF10:UNBEDRUCKT 0809997","ШТ",4,43.7,{"$f":"H508*G508","v":174.8},"450063, г. Уфа, ПАО АНК \"Башнефть\" \"Башнефть-Новойл\""]
["Медоборудование","ПАО АНК \"Башнефть\" \"Башнефть-Новойл\"",10,505,"Носилки медицинские бескаркасные ПЛАЩ","ШТ",7,1310.4000000000001,{"$f":"H509*G509","v":9172.8000000000011},"450063, г. Уфа, ПАО АНК \"Башнефть\" \"Башнефть-Новойл\""]
["Медоборудование","ПАО АНК \"Башнефть\" \"Башнефть-Новойл\"",10,506,"Носилки медицинские бескаркасные ПЛАЩ","ШТ",3,1310.4000000000001,{"$f":"H510*G510","v":3931.2000000000003},"450063, г. Уфа, ПАО АНК \"Башнефть\" \"Башнефть-Новойл\""]
["Медоборудование","ПАО АНК \"Башнефть\" \"Башнефть-Новойл\"",10,507,"Стаканчик для приема лекарств 25 мл","ШТ",2490,68,{"$f":"H511*G511","v":169320},"450063, г. Уфа, ПАО АНК \"Башнефть\" \"Башнефть-Новойл\""]
["Сантехника","ПАО АНК \"Башнефть\" \"Башнефть-Новойл\"",11,508,"Арматура д/сливного бачка АС-17","ШТ",5,200.3,{"$f":"H512*G512","v":1001.5},"450063, г. Уфа, ПАО АНК \"Башнефть\" \"Башнефть-Новойл\""]
["Сантехника","ПАО АНК \"Башнефть\" \"Башнефть-Новойл\"",11,509,"Арматура д/сливного бачка АС-17.1М","ШТ",8,349.4,{"$f":"H513*G513","v":2795.2},"450063, г. Уфа, ПАО АНК \"Башнефть\" \"Башнефть-Новойл\""]
["Сантехника","ПАО АНК \"Башнефть\" \"Башнефть-Новойл\"",11,510,"Арматура д/сливного бачка АС-17.1М","ШТ",2,349.4,{"$f":"H514*G514","v":698.8},"450063, г. Уфа, ПАО АНК \"Башнефть\" \"Башнефть-Новойл\""]
["Сантехника","ПАО АНК \"Башнефть\" \"Башнефть-Новойл\"",11,511,"Арматура д/смывного бачка АБ-2000","ШТ",50,107.1,{"$f":"H515*G515","v":5355},"450063, г. Уфа, ПАО АНК \"Башнефть\" \"Башнефть-Новойл\""]
["Сантехника","ПАО АНК \"Башнефть\" \"Башнефть-Новойл\"",11,512,"Арматура д/смывного бачка АБ-2000","ШТ",27,107.1,{"$f":"H516*G516","v":2891.7},"450063, г. Уфа, ПАО АНК \"Башнефть\" \"Башнефть-Новойл\""]
["Сантехника","ПАО АНК \"Башнефть\" \"Башнефть-Новойл\"",11,513,"Арматура д/смывного бачка АС-1","ШТ",15,108.8,{"$f":"H517*G517","v":1632},"450063, г. Уфа, ПАО АНК \"Башнефть\" \"Башнефть-Новойл\""]
["Сантехника","ПАО АНК \"Башнефть\" \"Башнефть-Новойл\"",11,514,"Арматура д/смывного бачка АС-1","ШТ",15,108.8,{"$f":"H518*G518","v":1632},"450063, г. Уфа, ПАО АНК \"Башнефть\" \"Башнефть-Новойл\""]
["Сантехника","ПАО АНК \"Башнефть\" \"Башнефть-Новойл\"",11,515,"Арматура д/смывного бачка АС-1","ШТ",15,108.8,{"$f":"H519*G519","v":1632},"450063, г. Уфа, ПАО АНК \"Башнефть\" \"Башнефть-Новойл\""]
["Сантехника","ПАО АНК \"Башнефть\" \"Башнефть-Новойл\"",11,516,"Арматура д/смывного бачка АС-1","ШТ",15,108.8,{"$f":"H520*G520","v":1632},"450063, г. Уфа, ПАО АНК \"Башнефть\" \"Башнефть-Новойл\""]
["Сантехника","ПАО АНК \"Башнефть\" \"Башнефть-Новойл\"",11,517,"Бумагодержатель д/туалетной бумаги хром","ШТ",31,151.19999999999999,{"$f":"H521*G521","v":4687.2},"450063, г. Уфа, ПАО АНК \"Башнефть\" \"Башнефть-Новойл\""]
["Сантехника","ПАО АНК \"Башнефть\" \"Башнефть-Новойл\"",11,518,"Бумагодержатель д/туалетной бумаги хром","ШТ",20,151.19999999999999,{"$f":"H522*G522","v":3024},"450063, г. Уфа, ПАО АНК \"Башнефть\" \"Башнефть-Новойл\""]
["Сантехника","ПАО АНК \"Башнефть\" \"Башнефть-Новойл\"",11,519,"Бумагодержатель д/туалетной бумаги хром","ШТ",10,151.19999999999999,{"$f":"H523*G523","v":1512},"450063, г. Уфа, ПАО АНК \"Башнефть\" \"Башнефть-Новойл\""]
["Сантехника","ПАО АНК \"Башнефть\" \"Башнефть-Новойл\"",11,520,"Бумагодержатель д/туалетной бумаги хром","ШТ",3,151.19999999999999,{"$f":"H524*G524","v":453.59999999999997},"450063, г. Уфа, ПАО АНК \"Башнефть\" \"Башнефть-Новойл\""]
["Сантехника","ПАО АНК \"Башнефть\" \"Башнефть-Новойл\"",11,521,"Воздухоотводчик ARMSTRONG 22-AV Ду3/4\"","ШТ",1,679,{"$f":"H525*G525","v":679},"450063, г. Уфа, ПАО АНК \"Башнефть\" \"Башнефть-Новойл\""]
["Сантехника","ПАО АНК \"Башнефть\" \"Башнефть-Новойл\"",11,522,"Воздухоотводчик VALTEC VT.502.NH.04 1/2\"","ШТ",2,257,{"$f":"H526*G526","v":514},"450063, г. Уфа, ПАО АНК \"Башнефть\" \"Башнефть-Новойл\""]
["Сантехника","ПАО АНК \"Башнефть\" \"Башнефть-Новойл\"",11,523,"Контейнер для мусора","ШТ",1,162.1,{"$f":"H527*G527","v":162.1},"450063, г. Уфа, ПАО АНК \"Башнефть\" \"Башнефть-Новойл\""]
["Сантехника","ПАО АНК \"Башнефть\" \"Башнефть-Новойл\"",11,524,"Контейнер для мусора","ШТ",1,100.7,{"$f":"H528*G528","v":100.7},"450063, г. Уфа, ПАО АНК \"Башнефть\" \"Башнефть-Новойл\""]
["Сантехника","ПАО АНК \"Башнефть\" \"Башнефть-Новойл\"",11,525,"Сиденье для унитаза с крышкой","ШТ",7,150,{"$f":"H529*G529","v":1050},"450063, г. Уфа, ПАО АНК \"Башнефть\" \"Башнефть-Новойл\""]
["Сантехника","ПАО АНК \"Башнефть\" \"Башнефть-Новойл\"",11,526,"ТЭН Ariston RNSA 1500Вт 65103766","ШТ",1,870,{"$f":"H530*G530","v":870},"450063, г. Уфа, ПАО АНК \"Башнефть\" \"Башнефть-Новойл\""]
["Сантехника","ПАО АНК \"Башнефть\" \"Башнефть-Новойл\"",11,527,"ТЭН Ariston RNSA 1500Вт 65103766","ШТ",4,870,{"$f":"H531*G531","v":3480},"450063, г. Уфа, ПАО АНК \"Башнефть\" \"Башнефть-Новойл\""]
["Сантехника","ПАО АНК \"Башнефть\" \"Башнефть-Новойл\"",11,528,"ТЭН Ariston RNSA 1500Вт 65103766","ШТ",5,870,{"$f":"H532*G532","v":4350},"450063, г. Уфа, ПАО АНК \"Башнефть\" \"Башнефть-Новойл\""]
["СИЗ","ПАО АНК \"Башнефть\" \"Башнефть-Новойл\"",12,529,"Наушники противошумные СОМЗ-1","ШТ",4,55.4,{"$f":"H533*G533","v":221.6},"450063, г. Уфа, ПАО АНК \"Башнефть\" \"Башнефть-Новойл\""]
["СИЗ","ПАО АНК \"Башнефть\" \"Башнефть-Новойл\"",12,530,"Наушники противошумные СОМЗ-1","ШТ",2,55.4,{"$f":"H534*G534","v":110.8},"450063, г. Уфа, ПАО АНК \"Башнефть\" \"Башнефть-Новойл\""]
["СИЗ","ПАО АНК \"Башнефть\" \"Башнефть-Новойл\"",12,531,"Наушники противошумные СОМЗ-1","ШТ",2,55.4,{"$f":"H535*G535","v":110.8},"450063, г. Уфа, ПАО АНК \"Башнефть\" \"Башнефть-Новойл\""]
["СИЗ","ПАО АНК \"Башнефть\" \"Башнефть-Новойл\"",12,532,"Наушники противошумные СОМЗ-1","ШТ",1,55.4,{"$f":"H536*G536","v":55.4},"450063, г. Уфа, ПАО АНК \"Башнефть\" \"Башнефть-Новойл\""]
["СИЗ","ПАО АНК \"Башнефть\" \"Башнефть-Новойл\"",12,533,"Наушники противошумные СОМЗ-1","ШТ",1,55.4,{"$f":"H537*G537","v":55.4},"450063, г. Уфа, ПАО АНК \"Башнефть\" \"Башнефть-Новойл\""]
["СИЗ","ПАО АНК \"Башнефть\" \"Башнефть-Новойл\"",12,534,"Наушники противошумные СОМЗ-1","ШТ",22,55.4,{"$f":"H538*G538","v":1218.8},"450063, г. Уфа, ПАО АНК \"Башнефть\" \"Башнефть-Новойл\""]
["СИЗ","ПАО АНК \"Башнефть\" \"Башнефть-Новойл\"",12,535,"Наушники противошумные СОМЗ-1","ШТ",1,55.4,{"$f":"H539*G539","v":55.4},"450063, г. Уфа, ПАО АНК \"Башнефть\" \"Башнефть-Новойл\""]
["СИЗ","ПАО АНК \"Башнефть\" \"Башнефть-Новойл\"",12,536,"Наушники противошумные СОМЗ-1","ШТ",1,55.4,{"$f":"H540*G540","v":55.4},"450063, г. Уфа, ПАО АНК \"Башнефть\" \"Башнефть-Новойл\""]
["СИЗ","ПАО АНК \"Башнефть\" \"Башнефть-Новойл\"",12,537,"Наушники противошумные СОМЗ-1","ШТ",1,55.4,{"$f":"H541*G541","v":55.4},"450063, г. Уфа, ПАО АНК \"Башнефть\" \"Башнефть-Новойл\""]
["СИЗ","ПАО АНК \"Башнефть\" \"Башнефть-Новойл\"",12,538,"Наушники противошумные СОМЗ-1","ШТ",1,55.4,{"$f":"H542*G542","v":55.4},"450063, г. Уфа, ПАО АНК \"Башнефть\" \"Башнефть-Новойл\""]
["СИЗ","ПАО АНК \"Башнефть\" \"Башнефть-Новойл\"",12,539,"Наушники противошумные СОМЗ-1","ШТ",1,55.4,{"$f":"H543*G543","v":55.4},"450063, г. Уфа, ПАО АНК \"Башнефть\" \"Башнефть-Новойл\""]
["СИЗ","ПАО АНК \"Башнефть\" \"Башнефть-Новойл\"",12,540,"Наушники противошумные СОМЗ-1","ШТ",1,55.4,{"$f":"H544*G544","v":55.4},"450063, г. Уфа, ПАО АНК \"Башнефть\" \"Башнефть-Новойл\""]
["СИЗ","ПАО АНК \"Башнефть\" \"Башнефть-Новойл\"",12,541,"Наушники противошумные СОМЗ-1","ШТ",1,55.4,{"$f":"H545*G545","v":55.4},"450063, г. Уфа, ПАО АНК \"Башнефть\" \"Башнефть-Новойл\""]
["СИЗ","ПАО АНК \"Башнефть\" \"Башнефть-Новойл\"",12,542,"Наушники противошумные СОМЗ-1","ШТ",1,55.4,{"$f":"H546*G546","v":55.4},"450063, г. Уфа, ПАО АНК \"Башнефть\" \"Башнефть-Новойл\""]
["СИЗ","ПАО АНК \"Башнефть\" \"Башнефть-Новойл\"",12,543,"Наушники противошумные СОМЗ-1","ШТ",1,55.4,{"$f":"H547*G547","v":55.4},"450063, г. Уфа, ПАО АНК \"Башнефть\" \"Башнефть-Новойл\""]
["СИЗ","ПАО АНК \"Башнефть\" \"Башнефть-Новойл\"",12,544,"Наушники противошумные СОМЗ-1","ШТ",1,55.4,{"$f":"H548*G548","v":55.4},"450063, г. Уфа, ПАО АНК \"Башнефть\" \"Башнефть-Новойл\""]
["СИЗ","ПАО АНК \"Башнефть\" \"Башнефть-Новойл\"",12,545,"Наушники противошумные СОМЗ-1","ШТ",1,55.4,{"$f":"H549*G549","v":55.4},"450063, г. Уфа, ПАО АНК \"Башнефть\" \"Башнефть-Новойл\""]
["СИЗ","ПАО АНК \"Башнефть\" \"Башнефть-Новойл\"",12,546,"Наушники противошумные СОМЗ-1","ШТ",1,55.4,{"$f":"H550*G550","v":55.4},"450063, г. Уфа, ПАО АНК \"Башнефть\" \"Башнефть-Новойл\""]
["СИЗ","ПАО АНК \"Башнефть\" \"Башнефть-Новойл\"",12,547,"Наушники противошумные СОМЗ-1","ШТ",1,55.4,{"$f":"H551*G551","v":55.4},"450063, г. Уфа, ПАО АНК \"Башнефть\" \"Башнефть-Новойл\""]
["СИЗ","ПАО АНК \"Башнефть\" \"Башнефть-Новойл\"",12,548,"Наушники противошумные СОМЗ-1","ШТ",1,55.4,{"$f":"H552*G552","v":55.4},"450063, г. Уфа, ПАО АНК \"Башнефть\" \"Башнефть-Новойл\""]
["СИЗ","ПАО АНК \"Башнефть\" \"Башнефть-Новойл\"",12,549,"Наушники противошумные СОМЗ-1","ШТ",1,55.4,{"$f":"H553*G553","v":55.4},"450063, г. Уфа, ПАО АНК \"Башнефть\" \"Башнефть-Новойл\""]
["СИЗ","ПАО АНК \"Башнефть\" \"Башнефть-Новойл\"",12,550,"Наушники противошумные СОМЗ-5","ШТ",98,48.9,{"$f":"H554*G554","v":4792.2},"450063, г. Уфа, ПАО АНК \"Башнефть\" \"Башнефть-Новойл\""]
["СИЗ","ПАО АНК \"Башнефть\" \"Башнефть-Новойл\"",12,551,"Наушники противошумные СОМЗ-5","ШТ",20,48.9,{"$f":"H555*G555","v":978},"450063, г. Уфа, ПАО АНК \"Башнефть\" \"Башнефть-Новойл\""]
["СИЗ","ПАО АНК \"Башнефть\" \"Башнефть-Новойл\"",12,552,"Наушники противошумные СОМЗ-5","ШТ",1,48.9,{"$f":"H556*G556","v":48.9},"450063, г. Уфа, ПАО АНК \"Башнефть\" \"Башнефть-Новойл\""]
["СИЗ","ПАО АНК \"Башнефть\" \"Башнефть-Новойл\"",12,553,"Наушники противошумные СОМЗ-5","ШТ",1,48.9,{"$f":"H557*G557","v":48.9},"450063, г. Уфа, ПАО АНК \"Башнефть\" \"Башнефть-Новойл\""]
["СИЗ","ПАО АНК \"Башнефть\" \"Башнефть-Новойл\"",12,554,"Наушники противошумные СОМЗ-5","ШТ",1,48.9,{"$f":"H558*G558","v":48.9},"450063, г. Уфа, ПАО АНК \"Башнефть\" \"Башнефть-Новойл\""]
["СИЗ","ПАО АНК \"Башнефть\" \"Башнефть-Новойл\"",12,555,"Наушники противошумные СОМЗ-5","ШТ",1,48.9,{"$f":"H559*G559","v":48.9},"450063, г. Уфа, ПАО АНК \"Башнефть\" \"Башнефть-Новойл\""]
["СИЗ","ПАО АНК \"Башнефть\" \"Башнефть-Новойл\"",12,556,"Наушники противошумные СОМЗ-5","ШТ",1,48.9,{"$f":"H560*G560","v":48.9},"450063, г. Уфа, ПАО АНК \"Башнефть\" \"Башнефть-Новойл\""]
["СИЗ","ПАО АНК \"Башнефть\" \"Башнефть-Новойл\"",12,557,"Наушники противошумные СОМЗ-5","ШТ",1,48.9,{"$f":"H561*G561","v":48.9},"450063, г. Уфа, ПАО АНК \"Башнефть\" \"Башнефть-Новойл\""]
["СИЗ","ПАО АНК \"Башнефть\" \"Башнефть-Новойл\"",12,558,"Наушники противошумные СОМЗ-5","ШТ",1,48.9,{"$f":"H562*G562","v":48.9},"450063, г. Уфа, ПАО АНК \"Башнефть\" \"Башнефть-Новойл\""]
["СИЗ","ПАО АНК \"Башнефть\" \"Башнефть-Новойл\"",12,559,"Наушники противошумные СОМЗ-5","ШТ",1,48.9,{"$f":"H563*G563","v":48.9},"450063, г. Уфа, ПАО АНК \"Башнефть\" \"Башнефть-Новойл\""]
["СИЗ","ПАО АНК \"Башнефть\" \"Башнефть-Новойл\"",12,560,"Наушники противошумные СОМЗ-5","ШТ",1,48.9,{"$f":"H564*G564","v":48.9},"450063, г. Уфа, ПАО АНК \"Башнефть\" \"Башнефть-Новойл\""]
["СИЗ","ПАО АНК \"Башнефть\" \"Башнефть-Новойл\"",12,561,"Наушники противошумные СОМЗ-5","ШТ",1,48.9,{"$f":"H565*G565","v":48.9},"450063, г. Уфа, ПАО АНК \"Башнефть\" \"Башнефть-Новойл\""]
["СИЗ","ПАО АНК \"Башнефть\" \"Башнефть-Новойл\"",12,562,"Наушники противошумные СОМЗ-5","ШТ",1,48.9,{"$f":"H566*G566","v":48.9},"450063, г. Уфа, ПАО АНК \"Башнефть\" \"Башнефть-Новойл\""]
["СИЗ","ПАО АНК \"Башнефть\" \"Башнефть-Новойл\"",12,563,"Наушники противошумные СОМЗ-5","ШТ",1,48.9,{"$f":"H567*G567","v":48.9},"450063, г. Уфа, ПАО АНК \"Башнефть\" \"Башнефть-Новойл\""]
["СИЗ","ПАО АНК \"Башнефть\" \"Башнефть-Новойл\"",12,564,"Наушники противошумные СОМЗ-5","ШТ",1,48.9,{"$f":"H568*G568","v":48.9},"450063, г. Уфа, ПАО АНК \"Башнефть\" \"Башнефть-Новойл\""]
["СИЗ","ПАО АНК \"Башнефть\" \"Башнефть-Новойл\"",12,565,"Наушники противошумные СОМЗ-5","ШТ",1,48.9,{"$f":"H569*G569","v":48.9},"450063, г. Уфа, ПАО АНК \"Башнефть\" \"Башнефть-Новойл\""]
["СИЗ","ПАО АНК \"Башнефть\" \"Башнефть-Новойл\"",12,566,"Наушники противошумные СОМЗ-5","ШТ",1,48.9,{"$f":"H570*G570","v":48.9},"450063, г. Уфа, ПАО АНК \"Башнефть\" \"Башнефть-Новойл\""]
["СИЗ","ПАО АНК \"Башнефть\" \"Башнефть-Новойл\"",12,567,"Наушники противошумные СОМЗ-5","ШТ",1,48.9,{"$f":"H571*G571","v":48.9},"450063, г. Уфа, ПАО АНК \"Башнефть\" \"Башнефть-Новойл\""]
["СИЗ","ПАО АНК \"Башнефть\" \"Башнефть-Новойл\"",12,568,"Наушники противошумные СОМЗ-5","ШТ",1,48.9,{"$f":"H572*G572","v":48.9},"450063, г. Уфа, ПАО АНК \"Башнефть\" \"Башнефть-Новойл\""]
["СИЗ","ПАО АНК \"Башнефть\" \"Башнефть-Новойл\"",12,569,"Фартук прорезиненный","ШТ",8,50,{"$f":"H573*G573","v":400},"450063, г. Уфа, ПАО АНК \"Башнефть\" \"Башнефть-Новойл\""]
["СИЗ","ПАО АНК \"Башнефть\" \"Башнефть-Новойл\"",12,570,"Фартук прорезиненный","ШТ",7,50,{"$f":"H574*G574","v":350},"450063, г. Уфа, ПАО АНК \"Башнефть\" \"Башнефть-Новойл\""]
["СИЗ","ПАО АНК \"Башнефть\" \"Башнефть-Новойл\"",12,571,"Х Перчатки Дизель(NF-06) МБС","ПАР",149,20,{"$f":"H575*G575","v":2980},"450063, г. Уфа, ПАО АНК \"Башнефть\" \"Башнефть-Новойл\""]
["СИЗ","ПАО АНК \"Башнефть\" \"Башнефть-Новойл\"",12,572,"Х Перчатки Дизель(NF-06) МБС","ПАР",50,20,{"$f":"H576*G576","v":1000},"450063, г. Уфа, ПАО АНК \"Башнефть\" \"Башнефть-Новойл\""]
["СИЗ","ПАО АНК \"Башнефть\" \"Башнефть-Новойл\"",12,573,"Х Перчатки Дизель(NF-06) МБС","ПАР",1,20,{"$f":"H577*G577","v":20},"450063, г. Уфа, ПАО АНК \"Башнефть\" \"Башнефть-Новойл\""]
["СИЗ","ПАО АНК \"Башнефть\" \"Башнефть-Новойл\"",12,574,"Х Перчатки Дизель(NF-06) МБС","ПАР",67,20,{"$f":"H578*G578","v":1340},"450063, г. Уфа, ПАО АНК \"Башнефть\" \"Башнефть-Новойл\""]
["СИЗ","ПАО АНК \"Башнефть\" \"Башнефть-Новойл\"",12,575,"Х Перчатки диэл.Honeywell Electrosoft110","ШТ",12,430,{"$f":"H579*G579","v":5160},"450063, г. Уфа, ПАО АНК \"Башнефть\" \"Башнефть-Новойл\""]

{"sheet":"Лист1","index":1,"n_rows":0,"n_cols":0,"rows_kept":0,"cut":false,"hidden":false,"merged":[]}